说出城市对应的国家-终极版 - Statistics

General Stats
  • This quiz has been taken 61 times
  • The average score is 13 of 30
Answer Stats
城市 国家 % Correct
布兰卡港 阿根廷
100%
布宜诺斯艾利斯 阿根廷
100%
拉普拉塔 阿根廷
100%
里瓦达维亚海军准将城 阿根廷
100%
亚历山大 埃及
100%
派尔努 爱沙尼亚
100%
卢班戈 安哥拉
100%
因河畔布劳瑙 奥地利
100%
艾丽斯斯普林斯 澳大利亚
100%
本迪戈 澳大利亚
100%
布里斯班 澳大利亚
100%
墨尔本 澳大利亚
100%
伍伦贡 澳大利亚
100%
阳光海岸 澳大利亚
100%
悉尼 澳大利亚/加拿大
100%
白沙瓦 巴基斯坦
100%
伯利恒 巴勒斯坦
100%
杰宁 巴勒斯坦
100%
贝洛奥里藏特 巴西
100%
波多韦柳 巴西
100%
莫吉廖夫 白俄罗斯
100%
内塞伯尔 保加利亚
100%
比托拉 北马其顿
100%
布鲁日 比利时
100%
根特 比利时
100%
列日 比利时
100%
滑铁卢 比利时/加拿大
100%
格但斯克 波兰
100%
格利维采 波兰
100%
华沙 波兰
100%
卢布林 波兰
100%
平壤 朝鲜
100%
新义州 朝鲜
100%
元山 朝鲜
100%
努克 丹麦
100%
欧登塞 丹麦
100%
奥尔登堡 德国
100%
奥格斯堡 德国
100%
波恩 德国
100%
哈弗尔河畔勃兰登堡 德国
100%
罗斯托克 德国
100%
曼海姆 德国
100%
慕尼黑 德国
100%
亚琛 德国
100%
帝力 东帝汶
100%
阿穆尔河畔共青城 俄罗斯
100%
奥廖尔 俄罗斯
100%
比罗比詹 俄罗斯
100%
布拉茨克 俄罗斯
100%
顿河畔罗斯托夫 俄罗斯
100%
恩格斯 俄罗斯
100%
克拉斯诺达尔 俄罗斯
100%
克孜勒 俄罗斯
100%
米阿斯 俄罗斯
100%
尼古拉耶夫斯克(庙街) 俄罗斯
100%
诺里尔斯克 俄罗斯
100%
普希金 俄罗斯
100%
切列波韦茨 俄罗斯
100%
托木斯克 俄罗斯
100%
波尔多 法国
100%
加来 法国
100%
戛纳 法国
100%
利摩日 法国
100%
佩皮尼昂 法国
100%
图尔 法国
100%
瓦朗谢讷 法国
100%
赫尔辛基 芬兰
100%
罗瓦涅米 芬兰
100%
圣何塞 哥斯达黎加/美国
100%
乔治敦 圭亚那/英国
100%
阿拉尔斯克 哈萨克斯坦
100%
阿特劳 哈萨克斯坦
100%
太子港 海地
100%
城南 韩国
100%
大邱 韩国
100%
平昌 韩国
100%
平泽 韩国
100%
世宗 韩国
100%
原州 韩国
100%
阿尔默勒 荷兰
100%
贝亨奥普佐姆 荷兰
100%
鹿特丹 荷兰
100%
奈梅亨 荷兰
100%
波德戈里察 黑山
100%
特古西加尔巴 洪都拉斯
100%
奥克维尔 加拿大
100%
班夫 加拿大
100%
圣约翰斯 加拿大
100%
渥太华 加拿大
100%
温哥华 加拿大/美国
100%
俄斯特拉发 捷克
100%
科威特城 科威特
100%
马塞卢 莱索托
100%
贝鲁特 黎巴嫩
100%
维尔纽斯 立陶宛
100%
比斯特里察 罗马尼亚
100%
久尔久 罗马尼亚
100%
斗湖 马来西亚
100%
诗巫 马来西亚
100%
双溪大年 马来西亚
100%
阿灵顿 美国
100%
埃文斯顿 美国
100%
安纳波利斯 美国
100%
巴尔的摩 美国
100%
北拉斯维加斯 美国
100%
俾斯麦 美国
100%
布法罗 美国
100%
查塔努加 美国
100%
达拉斯 美国
100%
大学城 美国
100%
丹佛 美国
100%
费耶特维尔 美国
100%
弗吉尼亚比奇 美国
100%
盖恩斯维尔 美国
100%
好莱坞 美国
100%
杰斐逊城 美国
100%
杰克逊 美国
100%
杰克逊维尔 美国
100%
科罗拉多斯普林斯 美国
100%
劳德代尔堡 美国
100%
列克星敦 美国
100%
路易斯维尔 美国
100%
迈尔斯堡 美国
100%
明尼阿波利斯 美国
100%
纳什维尔 美国
100%
欧文 美国
100%
帕萨迪纳 美国
100%
普罗维登斯 美国
100%
切萨皮克 美国
100%
圣克鲁斯 美国/玻利维亚
100%
塔科马 美国
100%
塔拉哈西 美国
100%
泰勒 美国
100%
坦佩 美国
100%
威奇托 美国
100%
西雅图 美国
100%
盐湖城 美国
100%
伊丽莎白 美国
100%
伊利 美国
100%
印第安纳波利斯 美国
100%
尤金 美国
100%
泽西城 美国
100%
芝加哥 美国
100%
剑桥 美国/英国
100%
妙瓦底 缅甸
100%
摩纳哥城 摩纳哥
100%
库利亚坎 墨西哥
100%
蒙特雷 墨西哥
100%
墨西哥城 墨西哥
100%
奇瓦瓦 墨西哥
100%
圣路易斯波托西 墨西哥
100%
莱昂 墨西哥/尼加拉瓜/西班牙
100%
比勒陀利亚 南非
100%
阿布贾 尼日利亚
100%
特罗姆瑟 挪威
100%
萨格里斯 葡萄牙
100%
辛特拉 葡萄牙
100%
滨松 日本
100%
成田 日本
100%
大分 日本
100%
对马 日本
100%
福井 日本
100%
富山 日本
100%
高松 日本
100%
横须贺 日本
100%
久留米 日本
100%
山形 日本
100%
熊本 日本
100%
宇都宫 日本
100%
札幌 日本
100%
长冈 日本
100%
长崎 日本
100%
稚内 日本
100%
厄斯特松德 瑞典
100%
赫尔辛堡 瑞典
100%
克里斯蒂安斯塔德 瑞典
100%
马尔默 瑞典
100%
圣加仑 瑞士
100%
苏黎世 瑞士
100%
佩奇 塞尔维亚/匈牙利
100%
达喀尔 塞内加尔
100%
麦地那 沙特阿拉伯
100%
北碧(干乍那武里) 泰国
100%
佛统(那坤巴统) 泰国
100%
呵叻(那空叻差是玛) 泰国
100%
合艾 泰国
100%
暖武里 泰国
100%
清莱 泰国
100%
清迈 泰国
100%
阿克萨赖 土耳其
100%
埃迪尔内 土耳其
100%
凡城 土耳其
100%
卡拉曼 土耳其
100%
特拉布宗 土耳其
100%
伊斯肯德伦 土耳其
100%
玻利瓦尔城 委内瑞拉
100%
马拉开波 委内瑞拉
100%
第聂伯罗 乌克兰
100%
克罗皮夫尼茨基 乌克兰
100%
刻赤 乌克兰
100%
切尔卡瑟 乌克兰
100%
辛菲罗波尔 乌克兰
100%
多诺斯蒂亚-圣塞瓦斯蒂安 西班牙
100%
穆尔西亚 西班牙
100%
圣地亚哥-德孔波斯特拉 西班牙
100%
比雷埃夫斯 希腊
100%
纳克索斯 希腊
100%
塞萨洛尼基 希腊
100%
新加坡 新加坡
100%
惠灵顿 新西兰
100%
塞克什白堡 匈牙利
100%
埃里温 亚美尼亚
100%
巴格达 伊拉克
100%
卡塔尼亚 意大利
100%
科森扎 意大利
100%
拉奎拉 意大利
100%
雷焦艾米利亚 意大利
100%
米兰 意大利
100%
奥兰加巴德 印度
100%
昌迪加尔 印度
100%
德里 印度
100%
第乌 印度
100%
加尔各答 印度
100%
贾巴尔普尔 印度
100%
菩提伽耶 印度
100%
浦那 印度
100%
巴厘巴板 印度尼西亚
100%
谏义里 印度尼西亚
100%
巨港(巴邻旁) 印度尼西亚
100%
肯达里 印度尼西亚
100%
日惹 印度尼西亚
100%
占碑 印度尼西亚
100%
布莱克浦 英国
100%
布里斯托尔 英国
100%
道格拉斯 英国
100%
坎特伯雷 英国
100%
科尔切斯特 英国
100%
伦敦德里 英国
100%
罗瑟勒姆 英国
100%
牛津 英国
100%
斯特灵 英国
100%
斯温登 英国
100%
温切斯特 英国
100%
伍尔弗汉普顿 英国
100%
谢菲尔德 英国
100%
直布罗陀 英国
100%
伯明翰 英国/美国
100%
藩切 越南
100%
芹苴 越南
100%
清化 越南
100%
顺化 越南
100%
岘港 越南
100%
芽庄 越南
100%
安阳 中国
100%
蚌埠 中国
100%
宝鸡 中国
100%
北海 中国
100%
北京 中国
100%
沧州 中国
100%
郴州 中国
100%
大庆 中国
100%
大同 中国
100%
丹东 中国
100%
赣州 中国
100%
贵阳 中国
100%
哈尔滨 中国
100%
邯郸 中国
100%
杭州 中国
100%
合肥 中国
100%
吉安 中国
100%
吉林 中国
100%
昆明 中国
100%
拉萨 中国
100%
乐山 中国
100%
临汾 中国
100%
龙岩 中国
100%
洛阳 中国
100%
满洲里 中国
100%
绵阳 中国
100%
苗栗 中国
100%
漠河 中国
100%
那曲 中国
100%
南宁 中国
100%
南通 中国
100%
宁波 中国
100%
莆田 中国
100%
秦皇岛 中国
100%
日喀则 中国
100%
苏州 中国
100%
台中 中国
100%
台州 中国
100%
泰州 中国
100%
桃园 中国
100%
通辽 中国
100%
威海 中国
100%
温州 中国
100%
乌鲁木齐 中国
100%
梧州 中国
100%
西安 中国
100%
宿州 中国
100%
宜昌 中国
100%
银川 中国
100%
张家界 中国
100%
长沙 中国
100%
镇江 中国
100%
郑州 中国
100%
珠海 中国
100%
勒阿弗尔 法国
67%
宿务 菲律宾
67%
麦卡伦 美国
67%
扬克斯 美国
67%
沃灵顿 英国
67%
富查伊拉 阿拉伯联合酋长国
50%
罗塞塔 埃及
50%
索罗卡巴 巴西
50%
伯利兹城 伯利兹
50%
海德堡 德国
50%
吕讷堡 德国
50%
布尔日 法国
50%
第戎 法国
50%
沙特尔 法国
50%
班珠尔 冈比亚
50%
西顿 黎巴嫩
50%
考纳斯 立陶宛
50%
路易港 毛里求斯
50%
柯林斯堡 美国
50%
温斯顿-塞勒姆 美国
50%
阿卡普尔科 墨西哥
50%
哈帕兰达 瑞典
50%
巴塞尔 瑞士
50%
阿达纳 土耳其
50%
库尼亚乌尔根奇 土库曼斯坦
50%
哈尔科夫 乌克兰
50%
阿利坎特 西班牙
50%
克桑西 希腊
50%
克雷莫纳 意大利
50%
古瓦哈提 印度
50%
泰恩河畔纽卡斯尔 英国
50%
老街 越南
50%
黑河 中国
50%
佳木斯 中国
50%
唐山 中国
50%
阿斯马拉 厄立特里亚
33%
沙湾拿吉 老挝
33%
大城(阿育他亚) 泰国
33%
爱尔巴桑 阿尔巴尼亚
0%
地拉那 阿尔巴尼亚
0%
都拉斯 阿尔巴尼亚
0%
发罗拉 阿尔巴尼亚
0%
吉罗卡斯特 阿尔巴尼亚
0%
科尔察 阿尔巴尼亚
0%
培拉特 阿尔巴尼亚
0%
萨兰达 阿尔巴尼亚
0%
斯库台 阿尔巴尼亚
0%
阿尔及尔 阿尔及利亚
0%
安纳巴 阿尔及利亚
0%
奥兰 阿尔及利亚
0%
巴特纳 阿尔及利亚
0%
贝贾亚 阿尔及利亚
0%
贝沙尔 阿尔及利亚
0%
比斯克拉 阿尔及利亚
0%
卜利达 阿尔及利亚
0%
盖尔达耶 阿尔及利亚
0%
杰勒法 阿尔及利亚
0%
康斯坦丁 阿尔及利亚
0%
塞提夫 阿尔及利亚
0%
斯基克达 阿尔及利亚
0%
塔曼拉塞特 阿尔及利亚
0%
泰贝萨 阿尔及利亚
0%
特莱姆森 阿尔及利亚
0%
提济乌祖 阿尔及利亚
0%
提亚雷特 阿尔及利亚
0%
廷杜夫 阿尔及利亚
0%
图古尔特 阿尔及利亚
0%
瓦德 阿尔及利亚
0%
瓦尔格拉 阿尔及利亚
0%
西迪贝勒阿巴斯 阿尔及利亚
0%
谢利夫 阿尔及利亚
0%
巴尔赫 阿富汗
0%
巴格拉姆 阿富汗
0%
巴米扬 阿富汗
0%
赫拉特 阿富汗
0%
加兹尼 阿富汗
0%
喀布尔 阿富汗
0%
坎大哈 阿富汗
0%
昆都士 阿富汗
0%
马扎里沙里夫 阿富汗
0%
贾拉拉巴德 阿富汗/吉尔吉斯斯坦
0%
巴拉那 阿根廷
0%
别德马 阿根廷
0%
福莫萨 阿根廷
0%
胡胡伊省圣萨尔瓦多 阿根廷
0%
卡拉法特 阿根廷
0%
卡塔马卡 阿根廷
0%
康科迪亚 阿根廷
0%
科连特斯 阿根廷
0%
拉里奥哈 阿根廷
0%
雷西斯滕西亚 阿根廷
0%
里奥加耶戈斯 阿根廷
0%
里奥夸尔托 阿根廷
0%
罗萨里奥 阿根廷
0%
马德林港 阿根廷
0%
马德普拉塔 阿根廷
0%
门多萨 阿根廷
0%
内乌肯 阿根廷
0%
萨尔塔 阿根廷
0%
圣地亚哥-德尔埃斯特罗 阿根廷
0%
圣卡洛斯-德巴里洛切 阿根廷
0%
圣拉斐尔 阿根廷
0%
坦迪尔 阿根廷
0%
特雷利乌 阿根廷
0%
图库曼省圣米格尔 阿根廷
0%
乌斯怀亚 阿根廷
0%
里奥格兰德 阿根廷/巴西/美国
0%
圣路易斯 阿根廷/巴西/美国
0%
圣罗莎 阿根廷/菲律宾/美国
0%
圣胡安 阿根廷/菲律宾/美国/委内瑞拉
0%
圣菲 阿根廷/美国
0%
科尔多瓦 阿根廷/西班牙
0%
阿布扎比 阿拉伯联合酋长国
0%
阿治曼 阿拉伯联合酋长国
0%
艾因 阿拉伯联合酋长国
0%
迪拜 阿拉伯联合酋长国
0%
哈伊马角 阿拉伯联合酋长国
0%
沙迦 阿拉伯联合酋长国
0%
乌姆盖万 阿拉伯联合酋长国
0%
马斯喀特 阿曼
0%
尼兹瓦 阿曼
0%
塞拉莱 阿曼
0%
苏尔 阿曼
0%
苏哈尔 阿曼
0%
西卜 阿曼
0%
巴库 阿塞拜疆
0%
甘贾 阿塞拜疆
0%
汉肯德 阿塞拜疆
0%
纳希切万 阿塞拜疆
0%
舒沙 阿塞拜疆
0%
苏姆盖伊特 阿塞拜疆
0%
阿里什 埃及
0%
阿斯旺 埃及
0%
艾斯尤特 埃及
0%
贝尼苏韦夫 埃及
0%
达曼胡尔 埃及
0%
杜姆亚特 埃及
0%
法尤姆 埃及
0%
古尔代盖 埃及
0%
基纳 埃及
0%
吉萨 埃及
0%
开罗 埃及
0%
卢克索 埃及
0%
马特鲁港 埃及
0%
曼苏拉 埃及
0%
明亚 埃及
0%
塞得港 埃及
0%
沙姆沙伊赫 埃及
0%
十月六日城 埃及
0%
苏伊士 埃及
0%
索哈杰 埃及
0%
锡瓦 埃及
0%
伊斯梅利亚 埃及
0%
阿达马 埃塞俄比亚
0%
阿杜瓦 埃塞俄比亚
0%
阿克苏姆 埃塞俄比亚
0%
阿瓦萨 埃塞俄比亚
0%
巴赫达尔 埃塞俄比亚
0%
德雷达瓦 埃塞俄比亚
0%
贡德尔 埃塞俄比亚
0%
哈勒尔 埃塞俄比亚
0%
吉吉加 埃塞俄比亚
0%
金马 埃塞俄比亚
0%
拉利贝拉 埃塞俄比亚
0%
梅克莱 埃塞俄比亚
0%
沙舍默内 埃塞俄比亚
0%
亚的斯亚贝巴 埃塞俄比亚
0%
德罗赫达 爱尔兰
0%
邓多克 爱尔兰
0%
都柏林 爱尔兰
0%
戈尔韦 爱尔兰
0%
基尔肯尼 爱尔兰
0%
科克 爱尔兰
0%
利默里克 爱尔兰
0%
斯莱戈 爱尔兰
0%
韦克斯福德 爱尔兰
0%
沃特福德 爱尔兰/英国
0%
库雷萨雷 爱沙尼亚
0%
纳尔瓦 爱沙尼亚
0%
塔尔图 爱沙尼亚
0%
塔林 爱沙尼亚
0%
安道尔 安道尔
0%
本格拉 安哥拉
0%
卡宾达 安哥拉
0%
罗安达 安哥拉
0%
洛比托 安哥拉
0%
姆班扎刚果 安哥拉
0%
万博 安哥拉
0%
瓦利 安圭拉
0%
圣约翰 安提瓜和巴布达/加拿大
0%
艾森施塔特 奥地利
0%
滨湖采尔 奥地利
0%
布雷根茨 奥地利
0%
多恩比恩 奥地利
0%
菲拉赫 奥地利
0%
格拉茨 奥地利
0%
哈尔施塔特 奥地利
0%
基茨比厄尔 奥地利
0%
克拉根福 奥地利
0%
利恩茨 奥地利
0%
林茨 奥地利
0%
萨尔茨堡 奥地利
0%
圣珀尔滕 奥地利
0%
施泰尔 奥地利
0%
韦尔斯 奥地利
0%
维也纳 奥地利
0%
维也纳新城 奥地利
0%
因斯布鲁克 奥地利
0%
阿德莱德 澳大利亚
0%
奥尔伯里 澳大利亚
0%
巴拉腊特 澳大利亚
0%
巴瑟斯特 澳大利亚
0%
拜伦贝 澳大利亚
0%
布鲁姆 澳大利亚
0%
布罗肯希尔 澳大利亚
0%
达尔文 澳大利亚
0%
飞鱼湾 澳大利亚
0%
黄金海岸 澳大利亚
0%
霍巴特 澳大利亚
0%
吉朗 澳大利亚
0%
杰拉尔顿 澳大利亚
0%
卡尔古利 澳大利亚
0%
凯恩斯 澳大利亚
0%
堪培拉 澳大利亚
0%
科夫斯港 澳大利亚
0%
库伯佩迪 澳大利亚
0%
朗斯顿 澳大利亚
0%
罗克汉普顿 澳大利亚
0%
麦凯 澳大利亚
0%
芒特艾萨 澳大利亚
0%
纽卡斯尔 澳大利亚
0%
汤斯维尔 澳大利亚
0%
图文巴 澳大利亚
0%
沃加沃加 澳大利亚
0%
珀斯 澳大利亚/英国
0%
布里奇敦 巴巴多斯
0%
拉包尔 巴布亚新几内亚
0%
莱城 巴布亚新几内亚
0%
马当 巴布亚新几内亚
0%
莫尔斯比港 巴布亚新几内亚
0%
弗里波特 巴哈马
0%
拿骚 巴哈马
0%
阿伯塔巴德 巴基斯坦
0%
巴哈瓦尔布尔 巴基斯坦
0%
费萨拉巴德 巴基斯坦
0%
古杰拉特 巴基斯坦
0%
古杰兰瓦拉 巴基斯坦
0%
瓜德尔 巴基斯坦
0%
吉尔吉特 巴基斯坦
0%
卡拉奇 巴基斯坦
0%
奎达 巴基斯坦
0%
拉合尔 巴基斯坦
0%
拉瓦尔品第 巴基斯坦
0%
木尔坦 巴基斯坦
0%
穆扎法拉巴德 巴基斯坦
0%
萨戈达 巴基斯坦
0%
苏库尔 巴基斯坦
0%
锡亚尔科特 巴基斯坦
0%
伊斯兰堡 巴基斯坦
0%
东方市 巴拉圭
0%
恩卡纳西翁 巴拉圭
0%
卢克 巴拉圭
0%
圣洛伦佐 巴拉圭
0%
亚松森 巴拉圭
0%
康塞普西翁 巴拉圭/智利
0%
汗尤尼斯 巴勒斯坦
0%
加沙 巴勒斯坦
0%
杰里科 巴勒斯坦
0%
拉法 巴勒斯坦
0%
拉姆安拉 巴勒斯坦
0%
纳布卢斯 巴勒斯坦
0%
希伯伦 巴勒斯坦
0%
麦纳麦 巴林
0%
戴维 巴拿马
0%
巴拿马城 巴拿马/美国
0%
阿拉卡茹 巴西
0%
阿雷格里港 巴西
0%
阿纳波利斯 巴西
0%
奥林达 巴西
0%
奥萨斯库 巴西
0%
巴拉内阿里奥-坎布里乌 巴西
0%
巴西利亚 巴西
0%
包鲁 巴西
0%
贝伦 巴西
0%
彼得罗波利斯 巴西
0%
彼得罗利纳 巴西
0%
博阿维斯塔 巴西
0%
布卢梅瑙 巴西
0%
大坎皮纳 巴西
0%
大坎普 巴西
0%
费拉迪圣安娜 巴西
0%
弗洛里亚诺波利斯 巴西
0%
福斯-杜伊瓜苏 巴西
0%
福塔莱萨 巴西
0%
戈亚尼亚 巴西
0%
格拉玛多 巴西
0%
瓜鲁柳斯 巴西
0%
卡希亚斯公爵城 巴西
0%
坎皮纳斯 巴西
0%
库里蒂巴 巴西
0%
库亚巴 巴西
0%
累西腓 巴西
0%
里奥布朗库 巴西
0%
里贝朗普雷图 巴西
0%
里约热内卢 巴西
0%
隆德里纳 巴西
0%
马卡帕 巴西
0%
马林加 巴西
0%
马瑙斯 巴西
0%
马塞约 巴西
0%
纳塔尔 巴西
0%
南卡希亚斯 巴西
0%
尼泰罗伊 巴西
0%
欧鲁普雷图 巴西
0%
帕尔马斯 巴西
0%
佩洛塔斯 巴西
0%
普雷图河畔圣若泽 巴西
0%
容迪亚伊 巴西
0%
茹伊斯-迪福拉 巴西
0%
若昂佩索阿 巴西
0%
若因维利 巴西
0%
萨尔瓦多 巴西
0%
塞古鲁港 巴西
0%
桑托斯 巴西
0%
沙佩科 巴西
0%
圣贝尔纳多-杜坎普 巴西
0%
圣贡萨洛 巴西
0%
圣若泽-杜斯坎普斯 巴西
0%
特雷西纳 巴西
0%
韦利亚镇 巴西
0%
乌贝拉巴 巴西
0%
乌贝兰迪亚 巴西
0%
新汉堡 巴西
0%
新伊瓜苏 巴西
0%
圣保罗 巴西/法国/美国
0%
圣塔伦 巴西/葡萄牙
0%
奥尔沙 白俄罗斯
0%
巴布鲁伊斯克 白俄罗斯
0%
巴拉诺维奇 白俄罗斯
0%
鲍里索夫 白俄罗斯
0%
波拉茨克 白俄罗斯
0%
布列斯特 白俄罗斯
0%
戈梅利 白俄罗斯
0%
格罗德诺 白俄罗斯
0%
利达 白俄罗斯
0%
明斯克 白俄罗斯
0%
莫济里 白俄罗斯
0%
平斯克 白俄罗斯
0%
萨利霍尔斯克 白俄罗斯
0%
维捷布斯克 白俄罗斯
0%
布尔加斯 保加利亚
0%
布拉戈耶夫格勒 保加利亚
0%
大特尔诺沃 保加利亚
0%
多布里奇 保加利亚
0%
哈斯科沃 保加利亚
0%
旧扎戈拉 保加利亚
0%
拉兹格勒 保加利亚
0%
鲁塞 保加利亚
0%
普列文 保加利亚
0%
普罗夫迪夫 保加利亚
0%
斯利文 保加利亚
0%
索非亚 保加利亚
0%
瓦尔纳 保加利亚
0%
维丁 保加利亚
0%
奥赫里德 北马其顿
0%
库马诺沃 北马其顿
0%
普里莱普 北马其顿
0%
斯科普里 北马其顿
0%
斯特鲁米察 北马其顿
0%
泰托沃 北马其顿
0%
韦莱斯 北马其顿
0%
阿波美 贝宁
0%
波多诺伏 贝宁
0%
科托努 贝宁
0%
帕拉库 贝宁
0%
维达 贝宁
0%
阿尔隆 比利时
0%
安特卫普 比利时
0%
奥斯坦德 比利时
0%
奥伊彭 比利时
0%
巴斯托涅 比利时
0%
布鲁塞尔 比利时
0%
哈瑟尔特 比利时
0%
亨克 比利时
0%
科特赖克 比利时
0%
勒芬 比利时
0%
梅赫伦 比利时
0%
蒙斯 比利时
0%
那慕尔 比利时
0%
沙勒罗瓦 比利时
0%
斯帕 比利时
0%
图尔奈 比利时
0%
伊普尔 比利时
0%
阿克雷里 冰岛
0%
科帕沃于尔 冰岛
0%
雷克雅未克 冰岛
0%
埃尔布隆格 波兰
0%
埃乌克 波兰
0%
奥波莱 波兰
0%
奥尔什丁 波兰
0%
奥斯威辛 波兰
0%
比得哥什 波兰
0%
比托姆 波兰
0%
比亚瓦-波德拉斯卡 波兰
0%
比亚韦斯托克 波兰
0%
别尔斯科-比亚瓦 波兰
0%
波兹南 波兰
0%
蒂黑 波兰
0%
弗罗茨瓦夫 波兰
0%
弗沃茨瓦韦克 波兰
0%
戈茹夫 波兰
0%
格丁尼亚 波兰
0%
格涅兹诺 波兰
0%
海乌姆 波兰
0%
霍茹夫 波兰
0%
卡利什 波兰
0%
卡托维兹 波兰
0%
凯尔采 波兰
0%
科沙林 波兰
0%
科沃布热格 波兰
0%
克拉科夫 波兰
0%
拉多姆 波兰
0%
莱格尼察 波兰
0%
里布尼克 波兰
0%
卢宾 波兰
0%
罗兹 波兰
0%
绿山城 波兰
0%
马尔堡 波兰
0%
皮瓦 波兰
0%
普热梅希尔 波兰
0%
普沃茨克 波兰
0%
琴斯托霍瓦 波兰
0%
热舒夫 波兰
0%
什切青 波兰
0%
斯武普斯克 波兰
0%
苏瓦乌基 波兰
0%
索波特 波兰
0%
索斯诺维茨 波兰
0%
塔尔努夫 波兰
0%
托伦 波兰
0%
瓦乌布日赫 波兰
0%
希维诺乌伊希切 波兰
0%
新松奇 波兰
0%
耶莱尼亚古拉 波兰
0%
扎布热 波兰
0%
扎科帕内 波兰
0%
扎莫希奇 波兰
0%
巴尼亚卢卡 波斯尼亚和黑塞哥维那
0%
比哈奇 波斯尼亚和黑塞哥维那
0%
比耶利纳 波斯尼亚和黑塞哥维那
0%
布尔奇科 波斯尼亚和黑塞哥维那
0%
莫斯塔尔 波斯尼亚和黑塞哥维那
0%
内乌姆 波斯尼亚和黑塞哥维那
0%
萨拉热窝 波斯尼亚和黑塞哥维那
0%
斯雷布雷尼察 波斯尼亚和黑塞哥维那
0%
特雷比涅 波斯尼亚和黑塞哥维那
0%
图兹拉 波斯尼亚和黑塞哥维那
0%
维舍格勒 波斯尼亚和黑塞哥维那
0%
泽尼察 波斯尼亚和黑塞哥维那
0%
埃尔阿尔托 玻利维亚
0%
奥鲁罗 玻利维亚
0%
波托西 玻利维亚
0%
科恰班巴 玻利维亚
0%
圣克鲁斯-德拉谢拉 玻利维亚
0%
苏克雷 玻利维亚
0%
塔里哈 玻利维亚
0%
乌尤尼 玻利维亚
0%
特立尼达 玻利维亚/古巴
0%
拉巴斯 玻利维亚/墨西哥
0%
贝尔莫潘 伯利兹
0%
弗朗西斯敦 博茨瓦纳
0%
哈博罗内 博茨瓦纳
0%
马翁 博茨瓦纳
0%
帕罗 不丹
0%
廷布 不丹
0%
博博迪乌拉索 布基纳法索
0%
瓦加杜古 布基纳法索
0%
布琼布拉 布隆迪
0%
基特加 布隆迪
0%
海州 朝鲜
0%
惠山 朝鲜
0%
开城 朝鲜
0%
罗先 朝鲜
0%
南浦 朝鲜
0%
清津 朝鲜
0%
沙里院 朝鲜
0%
咸兴 朝鲜
0%
巴塔 赤道几内亚
0%
马拉博 赤道几内亚
0%
埃尔西诺 丹麦
0%
埃斯比约 丹麦
0%
奥尔堡 丹麦
0%
奥胡斯 丹麦
0%
比隆 丹麦
0%
哥本哈根 丹麦
0%
海宁 丹麦
0%
卡纳克 丹麦
0%
科灵 丹麦
0%
兰讷斯 丹麦
0%
罗斯基勒 丹麦
0%
斯卡恩 丹麦
0%
托尔斯港 丹麦
0%
瓦埃勒 丹麦
0%
锡西米尤特 丹麦
0%
伊卢利萨特 丹麦
0%
埃朗根 德国
0%
埃森 德国
0%
爱尔福特 德国
0%
奥伯豪森 德国
0%
奥得河畔法兰克福 德国
0%
奥斯纳布吕克 德国
0%
巴登-巴登 德国
0%
柏林 德国
0%
拜罗伊特 德国
0%
班伯格 德国
0%
比勒费尔德 德国
0%
波茨坦 德国
0%
波鸿 德国
0%
不来梅 德国
0%
不来梅港 德国
0%
不伦瑞克 德国
0%
茨维考 德国
0%
达姆施塔特 德国
0%
德累斯顿 德国
0%
蒂宾根 德国
0%
杜塞尔多夫 德国
0%
杜伊斯堡 德国
0%
多特蒙德 德国
0%
菲尔特 德国
0%
弗赖堡 德国
0%
弗伦斯堡 德国
0%
富尔达 德国
0%
盖尔森基兴 德国
0%
格丁根 德国
0%
格尔利茨 德国
0%
哈根 德国
0%
哈雷 德国
0%
哈姆 德国
0%
海尔布隆 德国
0%
汉堡 德国
0%
汉诺威 德国
0%
基尔 德国
0%
加米施-帕滕基兴 德国
0%
卡尔斯鲁厄 德国
0%
卡塞尔 德国
0%
开姆尼茨 德国
0%
凯撒斯劳滕 德国
0%
康斯坦茨 德国
0%
科布伦茨 德国
0%
科特布斯 德国
0%
克雷菲尔德 德国
0%
莱比锡 德国
0%
莱沃库森 德国
0%
莱茵河畔路德维希港 德国
0%
雷根斯堡 德国
0%
罗森海姆 德国
0%
吕贝克 德国
0%
马堡 德国
0%
马格德堡 德国
0%
美因茨 德国
0%
美因河畔奥芬巴赫 德国
0%
美因河畔法兰克福 德国
0%
门兴格拉德巴赫 德国
0%
明斯特 德国
0%
纽伦堡 德国
0%
帕德博恩 德国
0%
帕绍 德国
0%
普福尔茨海姆 德国
0%
萨尔布吕肯 德国
0%
什未林 德国
0%
施特拉尔松德 德国
0%
斯图加特 德国
0%
索林根 德国
0%
特里尔 德国
0%
威廉斯港 德国
0%
威斯巴登 德国
0%
维尔茨堡 德国
0%
魏玛 德国
0%
沃尔夫斯堡 德国
0%
沃尔姆斯 德国
0%
乌尔姆 德国
0%
伍珀塔尔 德国
0%
希尔德斯海姆 德国
0%
希森 德国
0%
锡根 德国
0%
耶拿 德国
0%
英戈尔施塔特 德国
0%
科隆 德国/巴拿马
0%
拉马卡拉 多哥
0%
洛美 多哥
0%
索科德 多哥
0%
拉罗马纳 多米尼加共和国
0%
蓬塔卡纳 多米尼加共和国
0%
普拉塔港 多米尼加共和国
0%
圣地亚哥-德洛斯卡瓦耶罗斯 多米尼加共和国
0%
圣多明各 多米尼加共和国/厄瓜多尔
0%
罗索 多米尼克
0%
阿巴坎 俄罗斯
0%
阿德列尔 俄罗斯
0%
阿尔汉格尔斯克 俄罗斯
0%
阿纳德尔 俄罗斯
0%
阿纳帕 俄罗斯
0%
阿斯特拉罕 俄罗斯
0%
埃利斯塔 俄罗斯
0%
安加尔斯克 俄罗斯
0%
奥尔斯克 俄罗斯
0%
奥伦堡 俄罗斯
0%
奥伊米亚康 俄罗斯
0%
巴尔瑙尔 俄罗斯
0%
巴拉希哈 俄罗斯
0%
北德文斯克 俄罗斯
0%
奔萨 俄罗斯
0%
比斯克 俄罗斯
0%
彼得罗扎沃茨克 俄罗斯
0%
彼尔姆 俄罗斯
0%
别尔哥罗德 俄罗斯
0%
波多利斯克 俄罗斯
0%
布拉戈维申斯克(海兰泡) 俄罗斯
0%
布良斯克 俄罗斯
0%
车里雅宾斯克 俄罗斯
0%
大卢基 俄罗斯
0%
大诺夫哥罗德 俄罗斯
0%
迪克森 俄罗斯
0%
鄂木斯克 俄罗斯
0%
弗拉基米尔 俄罗斯
0%
弗拉季高加索 俄罗斯
0%
伏尔加顿斯克 俄罗斯
0%
伏尔加格勒 俄罗斯
0%
符拉迪沃斯托克(海参崴) 俄罗斯
0%
戈尔诺-阿尔泰斯克 俄罗斯
0%
格连吉克 俄罗斯
0%
格罗兹尼 俄罗斯
0%
哈巴罗夫斯克(伯力) 俄罗斯
0%
汉特-曼西斯克 俄罗斯
0%
基洛夫 俄罗斯
0%
季克西 俄罗斯
0%
加里宁格勒 俄罗斯
0%
加特契纳 俄罗斯
0%
杰尔宾特 俄罗斯
0%
捷尔任斯克 俄罗斯
0%
喀山 俄罗斯
0%
卡卢加 俄罗斯
0%
卡马河畔切尔内 俄罗斯
0%
堪察加彼得巴甫洛夫斯克 俄罗斯
0%
科罗廖夫 俄罗斯
0%
科洛姆纳 俄罗斯
0%
科斯特罗马 俄罗斯
0%
克拉斯诺亚尔斯克 俄罗斯
0%
克麦罗沃 俄罗斯
0%
库尔干 俄罗斯
0%
库尔斯克 俄罗斯
0%
雷宾斯克 俄罗斯
0%
利佩茨克 俄罗斯
0%
梁赞 俄罗斯
0%
罗斯托夫 俄罗斯
0%
马格尼托哥尔斯克 俄罗斯
0%
马哈奇卡拉 俄罗斯
0%
马加丹 俄罗斯
0%
迈科普 俄罗斯
0%
米尔内 俄罗斯
0%
摩尔曼斯克 俄罗斯
0%
莫斯科 俄罗斯
0%
穆罗姆 俄罗斯
0%
纳尔奇克 俄罗斯
0%
纳霍德卡 俄罗斯
0%
南萨哈林斯克 俄罗斯
0%
皮亚季戈尔斯克 俄罗斯
0%
普斯科夫 俄罗斯
0%
切博克萨雷 俄罗斯
0%
切尔克斯克 俄罗斯
0%
秋明 俄罗斯
0%
萨拉托夫 俄罗斯
0%
萨兰斯克 俄罗斯
0%
萨列哈尔德 俄罗斯
0%
萨罗夫 俄罗斯
0%
萨马拉 俄罗斯
0%
塞兹兰 俄罗斯
0%
瑟克特夫卡尔 俄罗斯
0%
上扬斯克 俄罗斯
0%
斯摩棱斯克 俄罗斯
0%
斯塔夫罗波尔 俄罗斯
0%
苏尔古特 俄罗斯
0%
苏维埃茨克 俄罗斯
0%
索契 俄罗斯
0%
塔甘罗格 俄罗斯
0%
坦波夫 俄罗斯
0%
陶里亚蒂 俄罗斯
0%
特维尔 俄罗斯
0%
图拉 俄罗斯
0%
托博尔斯克 俄罗斯
0%
维堡 俄罗斯
0%
沃尔库塔 俄罗斯
0%
沃罗涅日 俄罗斯
0%
沃洛格达 俄罗斯
0%
乌法 俄罗斯
0%
乌赫塔 俄罗斯
0%
乌兰乌德 俄罗斯
0%
乌里扬诺夫斯克 俄罗斯
0%
乌苏里斯克(双城子) 俄罗斯
0%
希姆基 俄罗斯
0%
下诺夫哥罗德 俄罗斯
0%
下塔吉尔 俄罗斯
0%
下瓦尔托夫斯克 俄罗斯
0%
谢尔吉耶夫镇 俄罗斯
0%
新库兹涅茨克 俄罗斯
0%
新罗西斯克 俄罗斯
0%
新乌连戈伊 俄罗斯
0%
新西伯利亚 俄罗斯
0%
雅库茨克 俄罗斯
0%
雅罗斯拉夫尔 俄罗斯
0%
亚速 俄罗斯
0%
叶卡捷琳堡 俄罗斯
0%
伊尔库茨克 俄罗斯
0%
伊热夫斯克 俄罗斯
0%
伊万诺沃 俄罗斯
0%
约什卡尔奥拉 俄罗斯
0%
泽列诺格勒 俄罗斯
0%
知多 俄罗斯
0%
圣彼得堡 俄罗斯/美国
0%
阿尔马维尔 俄罗斯/亚美尼亚
0%
埃斯梅拉达斯 厄瓜多尔
0%
安巴托 厄瓜多尔
0%
瓜亚基尔 厄瓜多尔
0%
基多 厄瓜多尔
0%
洛哈 厄瓜多尔
0%
马查拉 厄瓜多尔
0%
曼塔 厄瓜多尔
0%
昆卡 厄瓜多尔/西班牙
0%
阿萨布 厄立特里亚
0%
克伦 厄立特里亚
0%
马萨瓦 厄立特里亚
0%
阿尔勒 法国
0%
阿拉斯 法国
0%
阿讷西 法国
0%
阿维尼翁 法国
0%
阿雅克肖 法国
0%
昂蒂布 法国
0%
昂热 法国
0%
奥尔良 法国
0%
巴黎 法国
0%
巴斯蒂亚 法国
0%
贝济耶 法国
0%
贝桑松 法国
0%
贝永 法国
0%
比亚里茨 法国
0%
波城 法国
0%
布雷斯特 法国
0%
敦刻尔克 法国
0%
法兰西堡 法国
0%
法兰西港 法国
0%
凡尔登 法国
0%
凡尔赛 法国
0%
格勒诺布尔 法国
0%
居斯塔维亚 法国
0%
卡昂 法国
0%
卡尔卡松 法国
0%
卡宴 法国
0%
坎佩尔 法国
0%
科尔马 法国
0%
克莱蒙-费朗 法国
0%
库鲁 法国
0%
拉罗谢尔 法国
0%
兰斯 法国
0%
朗斯 法国
0%
勒芒 法国
0%
雷恩 法国
0%
里昂 法国
0%
里尔 法国
0%
鲁昂 法国
0%
鲁贝 法国
0%
洛尔德斯 法国
0%
洛里昂 法国
0%
马里戈 法国
0%
马穆楚 法国
0%
马赛 法国
0%
马塔乌图 法国
0%
梅斯 法国
0%
米卢斯 法国
0%
纳博讷(纳尔榜) 法国
0%
南特 法国
0%
南锡 法国
0%
尼姆 法国
0%
尼斯 法国
0%
努美阿 法国
0%
欧塞尔 法国
0%
帕皮提 法国
0%
普罗旺斯地区艾克斯 法国
0%
普瓦捷 法国
0%
塞纳河畔讷伊 法国
0%
瑟堡-奥克特维尔 法国
0%
沙莫尼蒙勃朗 法国
0%
尚贝里 法国
0%
圣艾蒂安 法国
0%
圣但尼 法国
0%
圣马洛 法国
0%
圣皮埃尔 法国
0%
圣特罗佩 法国
0%
斯特拉斯堡 法国
0%
特鲁瓦 法国
0%
图卢兹 法国
0%
土伦 法国
0%
瓦朗斯 法国
0%
瓦讷 法国
0%
维希 法国
0%
亚眠 法国
0%
蒙彼利埃 法国/美国
0%
巴斯特尔 法国/圣基茨和尼维斯
0%
梵蒂冈城 梵蒂冈
0%
安蒂波洛 菲律宾
0%
安杰利斯 菲律宾
0%
八打雁 菲律宾
0%
巴科洛德(描戈律) 菲律宾
0%
碧瑶 菲律宾
0%
达沃(纳卯) 菲律宾
0%
达义 菲律宾
0%
哥打巴托 菲律宾
0%
卡加延-德奥罗 菲律宾
0%
卡洛奥坎 菲律宾
0%
奎松城 菲律宾
0%
拉普拉普 菲律宾
0%
拉斯皮纳斯 菲律宾
0%
黎牙实比(莱加斯皮) 菲律宾
0%
马卡蒂 菲律宾
0%
马拉维 菲律宾
0%
马里基纳 菲律宾
0%
马尼拉 菲律宾
0%
曼达卢永 菲律宾
0%
纳加 菲律宾
0%
帕拉尼亚克 菲律宾
0%
帕赛 菲律宾
0%
帕西格 菲律宾
0%
普林塞萨港(公主港) 菲律宾
0%
三宝颜 菲律宾
0%
桑托斯将军城 菲律宾
0%
圣巴勃罗 菲律宾
0%
塔克洛班 菲律宾
0%
土格加劳 菲律宾
0%
武端 菲律宾
0%
伊利甘 菲律宾
0%
伊洛伊洛(怡朗) 菲律宾
0%
圣佩德罗 菲律宾/科特迪瓦/墨西哥/洪都拉斯
0%
圣费尔南多 菲律宾/特立尼达和多巴哥/委内瑞拉
0%
劳托卡 斐济
0%
纳迪 斐济
0%
苏瓦 斐济
0%
埃斯波 芬兰
0%
奥卢 芬兰
0%
波尔沃 芬兰
0%
波里 芬兰
0%
海门林纳 芬兰
0%
凯米 芬兰
0%
科科拉 芬兰
0%
科特卡 芬兰
0%
科沃拉 芬兰
0%
库奥皮奥 芬兰
0%
库萨莫 芬兰
0%
拉赫蒂 芬兰
0%
拉彭兰塔 芬兰
0%
玛丽港 芬兰
0%
米凯利 芬兰
0%
塞伊奈约基 芬兰
0%
坦佩雷 芬兰
0%
图尔库 芬兰
0%
瓦萨 芬兰
0%
万塔 芬兰
0%
伊纳里 芬兰
0%
于韦斯屈莱 芬兰
0%
约恩苏 芬兰
0%
明德卢 佛得角
0%
普拉亚 佛得角
0%
萨拉昆达 冈比亚
0%
布拉柴维尔 刚果共和国
0%
黑角 刚果共和国
0%
贝尼 刚果民主共和国
0%
博马 刚果民主共和国
0%
布卡武 刚果民主共和国
0%
布尼亚 刚果民主共和国
0%
戈马 刚果民主共和国
0%
基桑加尼 刚果民主共和国
0%
金沙萨 刚果民主共和国
0%
卡南加 刚果民主共和国
0%
科卢韦齐 刚果民主共和国
0%
利卡西 刚果民主共和国
0%
卢本巴希 刚果民主共和国
0%
马塔迪 刚果民主共和国
0%
姆班达卡 刚果民主共和国
0%
姆布吉马伊 刚果民主共和国
0%
巴兰基亚 哥伦比亚
0%
巴耶杜帕尔 哥伦比亚
0%
比亚维森西奥 哥伦比亚
0%
波哥大 哥伦比亚
0%
波帕扬 哥伦比亚
0%
布埃纳文图拉 哥伦比亚
0%
布卡拉曼加 哥伦比亚
0%
卡利 哥伦比亚
0%
库库塔 哥伦比亚
0%
莱蒂西亚 哥伦比亚
0%
马尼萨莱斯 哥伦比亚
0%
麦德林 哥伦比亚
0%
蒙特里亚 哥伦比亚
0%
内瓦 哥伦比亚
0%
帕尔米拉 哥伦比亚
0%
帕斯托 哥伦比亚
0%
佩雷拉 哥伦比亚
0%
圣安德烈斯 哥伦比亚
0%
圣玛尔塔 哥伦比亚
0%
索阿查 哥伦比亚
0%
通哈 哥伦比亚
0%
亚美尼亚城 哥伦比亚
0%
伊瓦格 哥伦比亚
0%
卡塔赫纳 哥伦比亚/西班牙
0%
阿拉胡埃拉 哥斯达黎加
0%
埃雷迪亚 哥斯达黎加
0%
卡塔戈 哥斯达黎加
0%
利蒙 哥斯达黎加
0%
利韦里亚 哥斯达黎加
0%
蓬塔雷纳斯 哥斯达黎加
0%
圣乔治 格林纳达/美国
0%
巴统 格鲁吉亚
0%
波蒂 格鲁吉亚
0%
茨欣瓦利 格鲁吉亚
0%
第比利斯 格鲁吉亚
0%
哥里 格鲁吉亚
0%
库塔伊西 格鲁吉亚
0%
鲁斯塔维 格鲁吉亚
0%
苏呼米 格鲁吉亚
0%
奥尔金 古巴
0%
巴拉德罗 古巴
0%
巴亚莫 古巴
0%
比那尔德里奥 古巴
0%
古巴圣地亚哥 古巴
0%
关塔那摩 古巴
0%
哈瓦那 古巴
0%
卡马圭 古巴
0%
马坦萨斯 古巴
0%
西恩富戈斯 古巴
0%
圣克拉拉 古巴/美国
0%
皮特尔角城 法国
0%
林登 圭亚那
0%
新阿姆斯特丹 圭亚那
0%
阿克套 哈萨克斯坦
0%
阿克托别 哈萨克斯坦
0%
阿拉木图 哈萨克斯坦
0%
阿斯塔纳 哈萨克斯坦
0%
巴尔喀什 哈萨克斯坦
0%
巴甫洛达尔 哈萨克斯坦
0%
拜科努尔 哈萨克斯坦
0%
彼得罗巴甫尔 哈萨克斯坦
0%
厄斯克门 哈萨克斯坦
0%
卡拉干达 哈萨克斯坦
0%
科克舍套 哈萨克斯坦
0%
克孜勒奥尔达 哈萨克斯坦
0%
库斯塔奈 哈萨克斯坦
0%
奇姆肯特 哈萨克斯坦
0%
塞梅伊 哈萨克斯坦
0%
塔拉兹 哈萨克斯坦
0%
铁米尔套 哈萨克斯坦
0%
突厥斯坦 哈萨克斯坦
0%
乌拉尔 哈萨克斯坦
0%
海地角 海地
0%
佩蒂翁维尔 海地
0%
雅克梅勒 海地
0%
安东 韩国
0%
安山 韩国
0%
安养 韩国
0%
昌原 韩国
0%
春川 韩国
0%
大田 韩国
0%
釜山 韩国
0%
富川 韩国
0%
高阳 韩国
0%
光州 韩国
0%
华城 韩国
0%
济州 韩国
0%
江陵 韩国
0%
金海 韩国
0%
龙仁 韩国
0%
木浦 韩国
0%
坡州 韩国
0%
浦项 韩国
0%
清州 韩国
0%
庆州 韩国
0%
全州 韩国
0%
仁川 韩国
0%
首尔 韩国
0%
水原 韩国
0%
天安 韩国
0%
蔚山 韩国
0%
阿尔克马尔 荷兰
0%
阿尔默洛 荷兰
0%
阿默斯福特 荷兰
0%
阿姆斯特丹 荷兰
0%
阿纳姆 荷兰
0%
阿珀尔多伦 荷兰
0%
阿森 荷兰
0%
埃门 荷兰
0%
艾恩德霍芬 荷兰
0%
奥拉涅斯塔德 荷兰
0%
博特姆 荷兰
0%
布雷达 荷兰
0%
代尔夫特 荷兰
0%
代芬特尔 荷兰
0%
登海尔德 荷兰
0%
蒂尔堡 荷兰
0%
多德雷赫特 荷兰
0%
恩斯赫德 荷兰
0%
菲利普斯堡 荷兰
0%
芬洛 荷兰
0%
弗利辛恩 荷兰
0%
格罗宁根 荷兰
0%
哈勒姆 荷兰
0%
海尔伦 荷兰
0%
海牙 荷兰
0%
豪达 荷兰
0%
亨厄洛 荷兰
0%
霍伦 荷兰
0%
克拉伦代克 荷兰
0%
莱登 荷兰
0%
莱利斯塔德 荷兰
0%
鲁尔蒙德 荷兰
0%
吕伐登 荷兰
0%
马斯特里赫特 荷兰
0%
斯海尔托亨博斯 荷兰
0%
威廉斯塔德 荷兰
0%
乌得勒支 荷兰
0%
希尔弗瑟姆 荷兰
0%
赞德福特 荷兰
0%
兹沃利 荷兰
0%
祖特梅尔 荷兰
0%
米德尔堡 荷兰/南非
0%
巴尔 黑山
0%
布德瓦 黑山
0%
采蒂涅 黑山
0%
蒂瓦特 黑山
0%
科托尔 黑山
0%
尼克希奇 黑山
0%
乌尔齐尼 黑山
0%
新海尔采格 黑山
0%
拉塞瓦 洪都拉斯
0%
圣佩德罗-苏拉 洪都拉斯
0%
塔拉瓦 基里巴斯
0%
吉布提 吉布提
0%
奥什 吉尔吉斯斯坦
0%
比什凯克 吉尔吉斯斯坦
0%
卡拉科尔 吉尔吉斯斯坦
0%
恩泽雷科雷 几内亚
0%
康康 几内亚
0%
科纳克里 几内亚
0%
比绍 几内亚比绍
0%
阿伯茨福德 加拿大
0%
埃德蒙顿 加拿大
0%
奥沙瓦 加拿大
0%
伯纳比 加拿大
0%
布兰登 加拿大
0%
布兰普顿 加拿大
0%
道森 加拿大
0%
多伦多 加拿大
0%
弗雷德里克顿 加拿大
0%
圭尔夫 加拿大
0%
哈皮瓦利古斯贝 加拿大
0%
怀特霍斯 加拿大
0%
惠斯勒 加拿大
0%
基洛纳 加拿大
0%
基奇纳 加拿大
0%
加蒂诺 加拿大
0%
卡尔加里 加拿大
0%
坎卢普斯 加拿大
0%
魁北克 加拿大
0%
拉瓦勒 加拿大
0%
莱斯布里奇 加拿大
0%
雷德迪尔 加拿大
0%
里贾纳 加拿大
0%
马克姆 加拿大
0%
麦克默里堡 加拿大
0%
梅迪辛哈特 加拿大
0%
蒙克顿 加拿大
0%
蒙特利尔 加拿大
0%
米西索加 加拿大
0%
穆斯乔 加拿大
0%
纳奈莫 加拿大
0%
乔治王子城 加拿大
0%
丘吉尔 加拿大
0%
萨德伯里 加拿大
0%
萨尼亚 加拿大
0%
萨斯卡通 加拿大
0%
三河城 加拿大
0%
桑德贝 加拿大
0%
舍布鲁克 加拿大
0%
圣凯瑟琳斯 加拿大
0%
苏圣玛丽 加拿大
0%
温尼伯 加拿大
0%
夏洛特敦 加拿大
0%
耶洛奈夫 加拿大
0%
伊卡卢伊特 加拿大
0%
伊努维克 加拿大
0%
伯灵顿 加拿大/美国
0%
里士满 加拿大/美国
0%
尼亚加拉瀑布城 加拿大/美国
0%
维多利亚 加拿大/塞舌尔/墨西哥/西班牙/巴西
0%
萨里 加拿大/伊朗
0%
巴里 加拿大/意大利
0%
哈利法克斯 加拿大/英国
0%
金斯顿 加拿大/英国
0%
伦敦 加拿大/英国
0%
温莎 加拿大/英国/牙买加
0%
阿克拉 加纳
0%
埃尔米纳 加纳
0%
海岸角堡 加纳
0%
霍城 加纳
0%
库马西 加纳
0%
塞康第-塔科拉迪 加纳
0%
塔马利 加纳
0%
特马 加纳
0%
弗朗斯维尔 加蓬
0%
利伯维尔 加蓬
0%
让蒂尔港 加蓬
0%
金边 柬埔寨
0%
马德望 柬埔寨
0%
西哈努克 柬埔寨
0%
暹粒 柬埔寨
0%
奥洛莫乌茨 捷克
0%
奥帕瓦 捷克
0%
比尔森 捷克
0%
布尔诺 捷克
0%
布杰约维采 捷克
0%
布拉格 捷克
0%
海布 捷克
0%
赫拉德茨-克拉洛韦 捷克
0%
卡罗维发利 捷克
0%
克鲁姆洛夫 捷克
0%
库特纳霍拉 捷克
0%
拉贝河畔乌斯季 捷克
0%
利贝雷茨 捷克
0%
莫斯特 捷克
0%
帕尔杜比采 捷克
0%
伊赫拉瓦 捷克
0%
兹林 捷克
0%
布拉瓦约 津巴布韦
0%
圭鲁 津巴布韦
0%
哈拉雷 津巴布韦
0%
穆塔雷 津巴布韦
0%
维多利亚瀑布城 津巴布韦
0%
多哈 卡塔尔
0%
卢塞尔 卡塔尔
0%
莫罗尼 科摩罗
0%
阿比让 科特迪瓦
0%
布瓦凯 科特迪瓦
0%
达洛亚 科特迪瓦
0%
科霍戈 科特迪瓦
0%
亚穆苏克罗 科特迪瓦
0%
奥西耶克 克罗地亚
0%
波雷奇 克罗地亚
0%
杜布罗夫尼克 克罗地亚
0%
赫瓦尔 克罗地亚
0%
卡尔洛瓦茨 克罗地亚
0%
克尔克 克罗地亚
0%
克宁 克罗地亚
0%
里耶卡 克罗地亚
0%
罗维尼 克罗地亚
0%
马卡尔斯卡 克罗地亚
0%
普拉 克罗地亚
0%
萨格勒布 克罗地亚
0%
斯拉沃尼亚布罗德 克罗地亚
0%
斯普利特 克罗地亚
0%
特罗吉尔 克罗地亚
0%
瓦拉日丁 克罗地亚
0%
武科瓦尔 克罗地亚
0%
希贝尼克 克罗地亚
0%
锡萨克 克罗地亚
0%
扎达尔 克罗地亚
0%
埃尔多雷特 肯尼亚
0%
基苏木 肯尼亚
0%
马林迪 肯尼亚
0%
蒙巴萨 肯尼亚
0%
纳库鲁 肯尼亚
0%
内罗毕 肯尼亚
0%
阿瓦鲁阿 库克群岛
0%
里加 拉脱维亚
0%
利耶帕亚 拉脱维亚
0%
陶格夫匹尔斯 拉脱维亚
0%
文茨皮尔斯 拉脱维亚
0%
叶尔加瓦 拉脱维亚
0%
尤尔马拉 拉脱维亚
0%
巴色 老挝
0%
琅勃拉邦 老挝
0%
万象 老挝
0%
巴勒贝克 黎巴嫩
0%
提尔 黎巴嫩
0%
扎赫勒 黎巴嫩
0%
比布鲁斯 黎巴嫩
0%
的黎波里 黎巴嫩/利比亚
0%
阿利图斯 立陶宛
0%
克莱佩达 立陶宛
0%
马里扬波莱 立陶宛
0%
帕兰加 立陶宛
0%
帕涅韦日斯 立陶宛
0%
特拉凯 立陶宛
0%
希奥利艾 立陶宛
0%
布坎南 利比里亚
0%
蒙罗维亚 利比里亚
0%
班加西 利比亚
0%
代尔纳 利比亚
0%
米苏拉塔 利比亚
0%
塞卜哈 利比亚
0%
苏尔特 利比亚
0%
图卜鲁格 利比亚
0%
沙恩 列支敦士登
0%
瓦杜兹 列支敦士登
0%
阿尔泽特河畔埃施 卢森堡
0%
迪德朗日 卢森堡
0%
卢森堡 卢森堡
0%
申根 卢森堡
0%
基加利 卢旺达
0%
阿尔巴尤利亚 罗马尼亚
0%
阿拉德 罗马尼亚
0%
奥拉迪亚 罗马尼亚
0%
巴克乌 罗马尼亚
0%
巴亚马雷 罗马尼亚
0%
博托沙尼 罗马尼亚
0%
布加勒斯特 罗马尼亚
0%
布拉索夫 罗马尼亚
0%
布勒伊拉 罗马尼亚
0%
布泽乌 罗马尼亚
0%
德罗贝塔-塞维林堡 罗马尼亚
0%
蒂米什瓦拉 罗马尼亚
0%
加拉蒂 罗马尼亚
0%
康斯坦察 罗马尼亚
0%
克拉约瓦 罗马尼亚
0%
克卢日-纳波卡 罗马尼亚
0%
皮特什蒂 罗马尼亚
0%
皮亚特拉-尼亚姆茨 罗马尼亚
0%
普洛耶什蒂 罗马尼亚
0%
萨图马雷 罗马尼亚
0%
苏恰瓦 罗马尼亚
0%
特尔戈维什泰 罗马尼亚
0%
特尔古穆列什 罗马尼亚
0%
特尔古日乌 罗马尼亚
0%
图尔恰 罗马尼亚
0%
锡比乌 罗马尼亚
0%
锡吉什瓦拉 罗马尼亚
0%
雅西 罗马尼亚
0%
安齐拉贝 马达加斯加
0%
安齐拉纳纳 马达加斯加
0%
菲亚纳兰楚阿 马达加斯加
0%
马哈赞加 马达加斯加
0%
塔那那利佛 马达加斯加
0%
图阿马西纳 马达加斯加
0%
图利亚拉 马达加斯加
0%
马莱 马尔代夫
0%
比尔基卡拉 马耳他
0%
瓦莱塔 马耳他
0%
布兰太尔 马拉维
0%
利隆圭 马拉维
0%
姆祖祖 马拉维
0%
松巴 马拉维
0%
巴生 马来西亚
0%
威省 马来西亚
0%
必打灵查亚 马来西亚
0%
布城 马来西亚
0%
芙蓉(塞伦班) 马来西亚
0%
哥打巴鲁 马来西亚
0%
哥打基纳巴卢 马来西亚
0%
古晋 马来西亚
0%
瓜埠 马来西亚
0%
瓜拉丁加奴 马来西亚
0%
关丹 马来西亚
0%
吉隆坡 马来西亚
0%
加央 马来西亚
0%
加影 马来西亚
0%
蔴坡 马来西亚
0%
马六甲 马来西亚
0%
米里 马来西亚
0%
民都鲁 马来西亚
0%
纳闽 马来西亚
0%
槟城 马来西亚
0%
沙阿兰 马来西亚
0%
山打根 马来西亚
0%
梳邦再也 马来西亚
0%
太平 马来西亚
0%
新山 马来西亚
0%
雪邦 马来西亚
0%
亚罗士打 马来西亚
0%
怡保 马来西亚
0%
巴马科 马里
0%
加奥 马里
0%
杰内 马里
0%
卡伊 马里
0%
莫普提 马里
0%
塞古 马里
0%
廷巴克图 马里
0%
锡卡索 马里
0%
马朱罗 马绍尔群岛
0%
阿塔尔 毛里塔尼亚
0%
基法 毛里塔尼亚
0%
努瓦迪布 毛里塔尼亚
0%
努瓦克肖特 毛里塔尼亚
0%
阿比林 美国
0%
阿尔布开克 美国
0%
阿克伦 美国
0%
阿马里洛 美国
0%
阿纳海姆 美国
0%
阿森斯 美国
0%
阿什维尔 美国
0%
阿斯彭 美国
0%
埃尔帕索 美国
0%
埃文斯维尔 美国
0%
艾奥瓦城 美国
0%
艾伦敦 美国
0%
安阿伯 美国
0%
安大略 美国
0%
安克雷奇 美国
0%
奥格登 美国
0%
奥古斯塔 美国
0%
奥克斯纳德 美国
0%
奥兰多 美国
0%
奥罗拉 美国
0%
奥斯汀 美国
0%
巴吞鲁日 美国
0%
邦戈 美国
0%
贝弗利山庄 美国
0%
贝克斯菲尔德 美国
0%
贝勒维 美国
0%
本德 美国
0%
本顿维尔 美国
0%
比洛克西 美国
0%
波特兰 美国
0%
伯班克 美国
0%
伯克利 美国
0%
博尔德 美国
0%
博卡拉顿 美国
0%
博蒙特 美国
0%
布朗斯维尔 美国
0%
布里奇波特 美国
0%
查尔斯顿 美国
0%
达文波特 美国
0%
大急流城 美国
0%
大西洋城 美国
0%
大章克申 美国
0%
代顿 美国
0%
代托纳比奇 美国
0%
得梅因 美国
0%
德卢斯 美国
0%
底特律 美国
0%
俄克拉何马城 美国
0%
法戈 美国
0%
法兰克福 美国
0%
菲尼克斯 美国
0%
费城 美国
0%
费尔班克斯 美国
0%
弗拉格斯塔夫 美国
0%
弗雷斯诺 美国
0%
弗里蒙特 美国
0%
弗里斯科 美国
0%
弗林特 美国
0%
富兰克林 美国
0%
哥伦比亚 美国
0%
哥伦布 美国
0%
格林斯伯勒 美国
0%
格林湾 美国
0%
格林维尔 美国
0%
格伦代尔 美国
0%
哈里斯堡 美国
0%
哈特福德 美国
0%
海厄利亚 美国
0%
汉普顿 美国
0%
亨茨维尔 美国
0%
亨德森 美国
0%
亨廷顿 美国
0%
亨廷顿比奇 美国
0%
华盛顿 美国
0%
火奴鲁鲁(檀香山) 美国
0%
基诺沙 美国
0%
基韦斯特 美国
0%
加尔维斯顿 美国
0%
加里 美国
0%
卡拉马祖 美国
0%
卡姆登 美国
0%
卡森城 美国
0%
开普科勒尔 美国
0%
凯奇坎 美国
0%
堪萨斯城 美国
0%
康科德 美国
0%
康普顿 美国
0%
科迪亚克 美国
0%
科珀斯克里斯蒂 美国
0%
克利夫兰 美国
0%
拉伯克 美国
0%
拉斐特 美国
0%
拉勒米 美国
0%
拉雷多 美国
0%
拉皮德城 美国
0%
拉斯克鲁塞斯 美国
0%
拉斯维加斯 美国
0%
兰辛 美国
0%
里弗赛德 美国
0%
里诺 美国
0%
罗阿诺克 美国
0%
罗克福德 美国
0%
罗利 美国
0%
罗斯韦尔 美国
0%
马利布 美国
0%
迈阿密 美国
0%
迈阿密滩 美国
0%
麦迪逊 美国
0%
梅肯 美国
0%
梅萨 美国
0%
蒙哥马利 美国
0%
孟菲斯 美国
0%
米德兰 美国
0%
密尔沃基 美国
0%
摩根敦 美国
0%
莫比尔 美国
0%
莫德斯托 美国
0%
默特尔比奇 美国
0%
南本德 美国
0%
内珀维尔 美国
0%
纽波特纽斯 美国
0%
纽黑文 美国
0%
纽瓦克 美国
0%
纽约 美国
0%
诺福克 美国
0%
诺克斯维尔 美国
0%
诺曼 美国
0%
诺姆 美国
0%
欧申赛德 美国
0%
帕拉代斯 美国
0%
帕洛阿尔托 美国
0%
彭萨科拉 美国
0%
皮奥里亚 美国
0%
皮尔 美国
0%
匹兹堡 美国
0%
普莱诺 美国
0%
普罗沃 美国
0%
普韦布洛 美国
0%
钱德勒 美国
0%
丘拉维斯塔 美国
0%
萨凡纳 美国
0%
萨克拉门托 美国
0%
塞班岛 美国
0%
塞多纳 美国
0%
什里夫波特 美国
0%
圣安娜 美国
0%
圣奥古斯丁 美国
0%
圣巴巴拉 美国
0%
圣贝纳迪诺 美国
0%
圣迭戈 美国
0%
圣弗朗西斯科 美国
0%
圣克拉丽塔 美国
0%
圣露西港 美国
0%
圣马特奥 美国
0%
圣莫尼卡 美国
0%
斯波坎 美国
0%
斯科茨代尔 美国
0%
斯克兰顿 美国
0%
斯普林菲尔德 美国
0%
斯坦福 美国
0%
斯坦福德 美国
0%
斯托克顿 美国
0%
苏城 美国
0%
苏福尔斯 美国
0%
塔尔萨 美国
0%
塔斯卡卢萨 美国
0%
坦帕 美国
0%
特克萨卡纳 美国
0%
图森 美国
0%
托伦顿 美国
0%
托皮卡 美国
0%
威尔明顿 美国
0%
威奇托福尔斯 美国
0%
韦恩堡 美国
0%
韦科 美国
0%
沃思堡 美国
0%
乌纳拉斯卡 美国
0%
乌特恰格维克(巴罗) 美国
0%
西棕榈滩 美国
0%
希洛 美国
0%
锡达拉皮兹 美国
0%
锡拉丘兹 美国
0%
锡特卡 美国
0%
夏洛茨维尔 美国
0%
夏洛特 美国
0%
夏洛特阿马利亚 美国
0%
夏延 美国
0%
小石城 美国
0%
辛辛那提 美国
0%
新奥尔良 美国
0%
休斯敦 美国
0%
亚特兰大 美国
0%
扬斯敦 美国
0%
伊萨卡 美国
0%
尤蒂卡 美国
0%
尤马 美国
0%
长滩 美国
0%
朱诺 美国
0%
棕榈泉 美国
0%
棕榈滩 美国
0%
奥尔巴尼 美国/澳大利亚
0%
伍斯特 美国/南非/英国
0%
敖德萨 美国/乌克兰
0%
托莱多 美国/西班牙
0%
奥林匹亚 美国/希腊
0%
奥克兰 美国/新西兰
0%
亚历山德里亚 美国/意大利
0%
塞勒姆 美国/印度
0%
波士顿 美国/英国
0%
兰开斯特 美国/英国
0%
雷丁 美国/英国
0%
罗切斯特 美国/英国
0%
曼彻斯特 美国/英国
0%
纽波特 美国/英国
0%
圣安东尼奥 美国/智利
0%
达尔汗 蒙古
0%
额尔登特 蒙古
0%
木伦 蒙古
0%
乔巴山 蒙古
0%
乌兰巴托 蒙古
0%
博里萨尔 孟加拉国
0%
达卡 孟加拉国
0%
吉大港 孟加拉国
0%
考克斯-巴扎尔 孟加拉国
0%
库尔纳 孟加拉国
0%
库米拉 孟加拉国
0%
拉杰沙希 孟加拉国
0%
朗布尔 孟加拉国
0%
迈门辛 孟加拉国
0%
锡莱特 孟加拉国
0%
阿雷基帕 秘鲁
0%
阿亚库乔 秘鲁
0%
胡利亚卡 秘鲁
0%
卡哈马卡 秘鲁
0%
卡亚俄 秘鲁
0%
库斯科 秘鲁
0%
利马 秘鲁
0%
纳斯卡 秘鲁
0%
皮乌拉 秘鲁
0%
普卡尔帕 秘鲁
0%
普诺 秘鲁
0%
奇克拉约 秘鲁
0%
钦博特 秘鲁
0%
塔克纳 秘鲁
0%
塔拉波托 秘鲁
0%
通贝斯 秘鲁
0%
瓦拉斯 秘鲁
0%
瓦努科 秘鲁
0%
万卡约 秘鲁
0%
伊基托斯 秘鲁
0%
伊卡 秘鲁
0%
特鲁希略 秘鲁/委内瑞拉
0%
帕利基尔 密克罗尼西亚联邦
0%
韦诺 密克罗尼西亚联邦
0%
勃固 缅甸
0%
东枝 缅甸
0%
景栋 缅甸
0%
腊戍 缅甸
0%
曼德勒 缅甸
0%
毛淡棉 缅甸
0%
密支那 缅甸
0%
内比都 缅甸
0%
实兑 缅甸
0%
仰光 缅甸
0%
巴尔蒂 摩尔多瓦
0%
蒂吉纳 摩尔多瓦
0%
蒂拉斯波尔 摩尔多瓦
0%
基希讷乌 摩尔多瓦
0%
阿加迪尔 摩洛哥
0%
丹吉尔 摩洛哥
0%
得土安 摩洛哥
0%
非斯 摩洛哥
0%
盖尼特拉 摩洛哥
0%
杰迪代 摩洛哥
0%
卡萨布兰卡 摩洛哥
0%
拉巴特 摩洛哥
0%
马拉喀什 摩洛哥
0%
梅克内斯 摩洛哥
0%
纳祖尔 摩洛哥
0%
萨菲 摩洛哥
0%
舍夫沙万 摩洛哥
0%
实戾 摩洛哥
0%
索维拉 摩洛哥
0%
瓦尔扎扎特 摩洛哥
0%
乌季达 摩洛哥
0%
贝拉 莫桑比克
0%
克利马内 莫桑比克
0%
马普托 莫桑比克
0%
马托拉 莫桑比克
0%
莫桑比克 莫桑比克
0%
纳卡拉 莫桑比克
0%
楠普拉 莫桑比克
0%
彭巴 莫桑比克
0%
赛赛 莫桑比克
0%
太特 莫桑比克
0%
希莫尤 莫桑比克
0%
阿瓜斯卡连特斯 墨西哥
0%
埃卡特佩克 墨西哥
0%
埃莫西约 墨西哥
0%
奥夫雷贡城 墨西哥
0%
巴亚尔塔港 墨西哥
0%
比亚埃尔莫萨 墨西哥
0%
彼德拉斯内格拉斯 墨西哥
0%
蒂华纳 墨西哥
0%
杜兰戈 墨西哥
0%
恩塞纳达 墨西哥
0%
瓜达卢佩 墨西哥
0%
瓜纳华托 墨西哥
0%
哈拉帕 墨西哥
0%
海角圣何塞 墨西哥
0%
华雷斯城 墨西哥
0%
卡门城 墨西哥
0%
坎昆 墨西哥
0%
坎佩切 墨西哥
0%
科利马 墨西哥
0%
科苏梅尔 墨西哥
0%
科约阿坎 墨西哥
0%
克雷塔罗 墨西哥
0%
库埃纳瓦卡 墨西哥
0%
夸察夸尔科斯 墨西哥
0%
雷诺萨 墨西哥
0%
罗萨里托 墨西哥
0%
洛斯莫奇斯 墨西哥
0%
马萨特兰 墨西哥
0%
马塔莫罗斯 墨西哥
0%
曼萨尼约 墨西哥
0%
莫雷利亚 墨西哥
0%
墨西加利 墨西哥
0%
内萨瓦尔科约特尔 墨西哥
0%
诺加莱斯 墨西哥
0%
帕丘卡 墨西哥
0%
普埃布拉 墨西哥
0%
普拉亚德卡门 墨西哥
0%
奇尔潘辛戈 墨西哥
0%
切图马尔 墨西哥
0%
萨波潘 墨西哥
0%
萨卡特卡斯 墨西哥
0%
塞拉亚 墨西哥
0%
圣克里斯托瓦尔-德拉斯卡萨斯 墨西哥
0%
圣卢卡斯角 墨西哥
0%
圣米格尔-德阿连德 墨西哥
0%
圣佩德罗-加尔萨-加西亚 墨西哥
0%
索尔蒂洛 墨西哥
0%
坦皮科 墨西哥
0%
特奥蒂瓦坎 墨西哥
0%
特拉斯卡拉 墨西哥
0%
特皮克 墨西哥
0%
特瓦坎 墨西哥
0%
图卢姆 墨西哥
0%
图斯特拉-古铁雷斯 墨西哥
0%
托雷翁 墨西哥
0%
托卢卡 墨西哥
0%
瓦哈卡 墨西哥
0%
韦拉克鲁斯 墨西哥
0%
维多利亚城 墨西哥
0%
新拉雷多 墨西哥
0%
伊拉普阿托 墨西哥
0%
梅里达 墨西哥/委内瑞拉/西班牙
0%
巴亚多利德 墨西哥/西班牙
0%
瓜达拉哈拉 墨西哥/西班牙
0%
鲸湾港 纳米比亚
0%
吕德里茨 纳米比亚
0%
斯瓦科普蒙德 纳米比亚
0%
温得和克 纳米比亚
0%
阿平顿 南非
0%
彼得马里茨堡 南非
0%
波罗克瓦尼 南非
0%
布隆方丹 南非
0%
德班 南非
0%
东伦敦 南非
0%
弗里尼欣 南非
0%
格贝哈 南非
0%
金伯利 南非
0%
开普敦 南非
0%
克莱克斯多普 南非
0%
勒斯滕堡 南非
0%
理查兹贝 南非
0%
莫塞尔湾 南非
0%
内尔斯普雷特 南非
0%
帕尔 南非
0%
乔治 南非
0%
斯泰伦博斯 南非
0%
韦尔科姆 南非
0%
约翰内斯堡 南非
0%
亚伦 瑙鲁
0%
巴克塔普尔 尼泊尔
0%
博克拉 尼泊尔
0%
加德满都 尼泊尔
0%
贾纳克布尔 尼泊尔
0%
勒利德布尔 尼泊尔
0%
布卢菲尔兹 尼加拉瓜
0%
马那瓜 尼加拉瓜
0%
阿加德兹 尼日尔
0%
津德尔 尼日尔
0%
马拉迪 尼日尔
0%
尼亚美 尼日尔
0%
阿巴 尼日利亚
0%
阿贝奥库塔 尼日利亚
0%
阿库雷 尼日利亚
0%
埃努古 尼日利亚
0%
奥博莫绍 尼日利亚
0%
奥尼查 尼日利亚
0%
奥绍博 尼日利亚
0%
奥韦里 尼日利亚
0%
奥沃 尼日利亚
0%
包奇 尼日利亚
0%
贝宁城 尼日利亚
0%
哈科特港 尼日利亚
0%
卡杜纳 尼日利亚
0%
卡拉巴尔 尼日利亚
0%
卡诺 尼日利亚
0%
卡齐纳 尼日利亚
0%
拉各斯 尼日利亚
0%
迈杜古里 尼日利亚
0%
乔斯 尼日利亚
0%
索科托 尼日利亚
0%
瓦里 尼日利亚
0%
乌约 尼日利亚
0%
伊巴丹 尼日利亚
0%
伊费 尼日利亚
0%
伊凯贾 尼日利亚
0%
伊科罗杜 尼日利亚
0%
伊洛林 尼日利亚
0%
扎里亚 尼日利亚
0%
阿洛菲 纽埃
0%
阿尔塔 挪威
0%
阿伦达尔 挪威
0%
奥勒松 挪威
0%
奥斯陆 挪威
0%
巴伦支堡 挪威
0%
伯根 挪威
0%
博多 挪威
0%
德拉门 挪威
0%
腓特烈斯塔 挪威
0%
哈马尔 挪威
0%
哈默费斯特 挪威
0%
海于格松 挪威
0%
克里斯蒂安桑 挪威
0%
克里斯蒂安松 挪威
0%
拉尔维克 挪威
0%
朗伊尔城 挪威
0%
利勒哈默尔 挪威
0%
利勒斯特伦 挪威
0%
莫尔德 挪威
0%
莫斯 挪威
0%
纳尔维克 挪威
0%
萨尔普斯堡 挪威
0%
桑讷菲尤尔 挪威
0%
桑内斯 挪威
0%
斯塔万格 挪威
0%
特隆赫姆 挪威
0%
滕斯贝格 挪威
0%
希恩 挪威
0%
希尔克内斯 挪威
0%
科罗尔 帕劳
0%
梅莱凯奥克 帕劳
0%
阿尔布费拉 葡萄牙
0%
阿尔马达 葡萄牙
0%
阿马多拉 葡萄牙
0%
阿威罗 葡萄牙
0%
埃什托里尔 葡萄牙
0%
埃武拉 葡萄牙
0%
贝雅 葡萄牙
0%
波尔蒂芒 葡萄牙
0%
波尔托 葡萄牙
0%
波塔莱格雷 葡萄牙
0%
布拉加 葡萄牙
0%
布朗库堡 葡萄牙
0%
法蒂玛 葡萄牙
0%
法罗 葡萄牙
0%
丰沙尔 葡萄牙
0%
瓜尔达 葡萄牙
0%
吉马朗伊斯 葡萄牙
0%
加亚新城 葡萄牙
0%
卡斯凯什 葡萄牙
0%
科英布拉 葡萄牙
0%
拉古什 葡萄牙
0%
莱里亚 葡萄牙
0%
里斯本 葡萄牙
0%
纳扎雷 葡萄牙
0%
蓬塔德尔加达 葡萄牙
0%
塞图巴尔 葡萄牙
0%
沙维斯 葡萄牙
0%
维塞乌 葡萄牙
0%
维亚纳堡 葡萄牙
0%
八户 日本
0%
日本
0%
北九州 日本
0%
别府 日本
0%
冲绳 日本
0%
出云 日本
0%
川口 日本
0%
川崎 日本
0%
川越 日本
0%
船桥 日本
0%
钏路 日本
0%
大阪 日本
0%
大津 日本
0%
德岛 日本
0%
东京 日本
0%
丰桥 日本
0%
丰田 日本
0%
福岛 日本
0%
福冈 日本
0%
福山 日本
0%
冈崎 日本
0%
冈山 日本
0%
高崎 日本
0%
高山 日本
0%
高知 日本
0%
宫崎 日本
0%
广岛 日本
0%
函馆 日本
0%
和歌山 日本
0%
横滨 日本
0%
姬路 日本
0%
甲府 日本
0%
日本
0%
金泽 日本
0%
日本
0%
京都 日本
0%
静冈 日本
0%
郡山 日本
0%
镰仓 日本
0%
铃鹿 日本
0%
鹿儿岛 日本
0%
名古屋 日本
0%
那霸 日本
0%
奈良 日本
0%
鸟取 日本
0%
磐城 日本
0%
岐阜 日本
0%
埼玉 日本
0%
千叶 日本
0%
前桥 日本
0%
青森 日本
0%
秋田 日本
0%
山口 日本
0%
神户 日本
0%
盛冈 日本
0%
水户 日本
0%
松江 日本
0%
松山 日本
0%
松元 日本
0%
太田 日本
0%
藤泽 日本
0%
吴市 日本
0%
夕张 日本
0%
下关 日本
0%
仙台 日本
0%
相模原 日本
0%
箱根 日本
0%
小樽 日本
0%
新潟 日本
0%
旭川 日本
0%
长野 日本
0%
筑波 日本
0%
佐贺 日本
0%
佐世保 日本
0%
埃斯基尔斯蒂纳 瑞典
0%
奥勒 瑞典
0%
博伦厄 瑞典
0%
布罗斯 瑞典
0%
厄勒布鲁 瑞典
0%
恩舍尔兹维克 瑞典
0%
法伦 瑞典
0%
戈森堡 瑞典
0%
哈尔姆斯塔德 瑞典
0%
基律纳 瑞典
0%
卡尔马 瑞典
0%
卡尔斯克鲁纳 瑞典
0%
卡尔斯塔德 瑞典
0%
林雪平 瑞典
0%
伦德 瑞典
0%
吕勒奥 瑞典
0%
南泰利耶 瑞典
0%
尼雪平 瑞典
0%
诺尔雪平 瑞典
0%
斯德哥尔摩 瑞典
0%
松兹瓦尔 瑞典
0%
特雷勒堡 瑞典
0%
特罗尔海坦 瑞典
0%
韦克舍 瑞典
0%
韦斯特罗斯 瑞典
0%
维斯比 瑞典
0%
乌普萨拉 瑞典
0%
谢莱夫特奥 瑞典
0%
延雪平 瑞典
0%
耶夫勒 瑞典
0%
于默奥 瑞典
0%
于斯塔德 瑞典
0%
伯尔尼 瑞士
0%
采尔马特 瑞士
0%
楚格 瑞士
0%
达沃斯 瑞士
0%
弗里堡 瑞士
0%
库尔 瑞士
0%
卢加诺 瑞士
0%
卢塞恩 瑞士
0%
洛迦诺 瑞士
0%
洛桑 瑞士
0%
蒙特勒 瑞士
0%
纳沙泰尔 瑞士
0%
日内瓦 瑞士
0%
沙夫豪森 瑞士
0%
圣莫里茨 瑞士
0%
温特图尔 瑞士
0%
锡永 瑞士
0%
阿皮亚 萨摩亚
0%
贝尔格莱德 塞尔维亚
0%
弗拉涅 塞尔维亚
0%
格尼拉内 塞尔维亚
0%
科索沃波列 塞尔维亚
0%
克拉古耶瓦茨 塞尔维亚
0%
克拉列沃 塞尔维亚
0%
克鲁舍瓦茨 塞尔维亚
0%
莱斯科瓦茨 塞尔维亚
0%
米特罗维察 塞尔维亚
0%
尼什 塞尔维亚
0%
诺维萨德 塞尔维亚
0%
潘切沃 塞尔维亚
0%
普里什蒂纳 塞尔维亚
0%
普里兹伦 塞尔维亚
0%
恰卡克 塞尔维亚
0%
沙巴茨 塞尔维亚
0%
斯雷姆斯卡米特罗维察 塞尔维亚
0%
斯梅代雷沃 塞尔维亚
0%
松博尔 塞尔维亚
0%
苏博蒂察 塞尔维亚
0%
瓦列沃 塞尔维亚
0%
乌日采 塞尔维亚
0%
新帕扎尔 塞尔维亚
0%
兹雷尼亚宁 塞尔维亚
0%
济金绍尔 塞内加尔
0%
捷斯 塞内加尔
0%
考拉克 塞内加尔
0%
圣路易 塞内加尔
0%
图巴 塞内加尔
0%
阿依纳帕 塞浦路斯
0%
法马古斯塔 塞浦路斯
0%
凯里尼亚 塞浦路斯
0%
拉纳卡 塞浦路斯
0%
莱梅索斯 塞浦路斯
0%
尼科西亚 塞浦路斯
0%
帕福斯 塞浦路斯
0%
阿尔阿尔 沙特阿拉伯
0%
艾卜哈 沙特阿拉伯
0%
布赖代 沙特阿拉伯
0%
哈伊勒 沙特阿拉伯
0%
胡富夫 沙特阿拉伯
0%
吉达 沙特阿拉伯
0%
吉赞 沙特阿拉伯
0%
寇巴尔 沙特阿拉伯
0%
利雅得 沙特阿拉伯
0%
麦加 沙特阿拉伯
0%
奈季兰 沙特阿拉伯
0%
萨卡卡 沙特阿拉伯
0%
塔布克 沙特阿拉伯
0%
塔伊夫 沙特阿拉伯
0%
延布 沙特阿拉伯
0%
朱拜勒 沙特阿拉伯/黎巴嫩
0%
达曼 沙特阿拉伯/印度
0%
查尔斯敦 圣基茨和尼维斯
0%
卡斯特里 圣卢西亚
0%
金斯敦 圣文森特和格林纳丁斯/牙买加
0%
阿努拉德普勒 斯里兰卡
0%
加勒 斯里兰卡
0%
贾夫纳 斯里兰卡
0%
康提 斯里兰卡
0%
科伦坡 斯里兰卡
0%
斯里贾耶瓦德内普拉科特 斯里兰卡
0%
亭可马里 斯里兰卡
0%
埃尔-奥贝德 苏丹
0%
北喀土穆 苏丹
0%
恩图曼(乌姆杜尔曼) 苏丹
0%
法希尔 苏丹
0%
喀土穆 苏丹
0%
卡萨拉 苏丹
0%
尼亚拉 苏丹
0%
苏丹港 苏丹
0%
帕拉马里博 苏里南
0%
霍尼亚拉 所罗门群岛
0%
巴拉韦 索马里
0%
柏培拉(伯贝拉) 索马里
0%
拜多阿(拜达博) 索马里
0%
博萨索 索马里
0%
布尔奥 索马里
0%
哈尔格萨 索马里
0%
基斯马尤 索马里
0%
加勒卡约 索马里
0%
加罗韦 索马里
0%
马尔卡 索马里
0%
摩加迪沙 索马里
0%
杜尚别 塔吉克斯坦
0%
苦盏 塔吉克斯坦
0%
库尔干秋别 塔吉克斯坦
0%
芭堤雅 泰国
0%
北大年 泰国
0%
春武里 泰国
0%
华富里 泰国
0%
华欣 泰国
0%
甲米 泰国
0%
孔敬 泰国
0%
罗勇 泰国
0%
曼谷 泰国
0%
那空是贪玛叻(洛坤) 泰国
0%
彭世洛 泰国
0%
普吉(童卡) 泰国
0%
沙没巴干(北榄) 泰国
0%
沙湄(苏梅岛) 泰国
0%
宋卡 泰国
0%
素可泰 泰国
0%
素叻他尼(万伦) 泰国
0%
乌隆(乌隆他尼) 泰国
0%
乌汶(乌汶叻差他尼) 泰国
0%
阿鲁沙 坦桑尼亚
0%
达累斯萨拉姆 坦桑尼亚
0%
多多马 坦桑尼亚
0%
基戈马 坦桑尼亚
0%
莫罗戈罗 坦桑尼亚
0%
莫希 坦桑尼亚
0%
姆贝亚 坦桑尼亚
0%
姆万扎 坦桑尼亚
0%
桑给巴尔 坦桑尼亚
0%
坦加 坦桑尼亚
0%
努库阿洛法 汤加
0%
西班牙港 特立尼达和多巴哥
0%
比塞大 突尼斯
0%
加贝斯 突尼斯
0%
加夫萨 突尼斯
0%
迦太基 突尼斯
0%
凯鲁万 突尼斯
0%
斯法克斯 突尼斯
0%
苏塞 突尼斯
0%
突尼斯 突尼斯
0%
富纳富提 图瓦卢
0%
阿达帕扎勒 土耳其
0%
阿德亚曼 土耳其
0%
阿尔达汉 土耳其
0%
阿菲永 土耳其
0%
阿拉尼亚 土耳其
0%
阿拉谢希尔 土耳其
0%
阿勒 土耳其
0%
阿马西亚 土耳其
0%
埃尔津詹 土耳其
0%
埃尔祖鲁姆 土耳其
0%
埃拉泽 土耳其
0%
埃斯基谢希尔 土耳其
0%
艾登 土耳其
0%
安卡拉 土耳其
0%
安塔基亚 土耳其
0%
安塔利亚 土耳其
0%
奥尔杜 土耳其
0%
巴勒克埃西尔 土耳其
0%
巴特曼 土耳其
0%
博德鲁姆 土耳其
0%
博卢 土耳其
0%
布尔萨 土耳其
0%
代尼兹利 土耳其
0%
迪亚巴克尔 土耳其
0%
迪兹杰 土耳其
0%
厄德尔 土耳其
0%
厄斯帕尔塔 土耳其
0%
费特希耶 土耳其
0%
盖布泽 土耳其
0%
哈卡里 土耳其
0%
吉雷松 土耳其
0%
加济安泰普 土耳其
0%
卡尔斯 土耳其
0%
卡赫拉曼马拉什 土耳其
0%
卡斯塔莫努 土耳其
0%
开塞利 土耳其
0%
科尼亚 土耳其
0%
克尔克拉雷利 土耳其
0%
克勒克卡莱 土耳其
0%
库沙达瑟 土耳其
0%
里泽 土耳其
0%
马尔丁 土耳其
0%
马尔马里斯 土耳其
0%
马拉蒂亚 土耳其
0%
马尼萨 土耳其
0%
梅尔辛 土耳其
0%
穆拉 土耳其
0%
穆什 土耳其
0%
内夫谢希尔 土耳其
0%
恰纳卡莱 土耳其
0%
乔尔卢 土耳其
0%
乔鲁姆 土耳其
0%
切什梅 土耳其
0%
屈塔希亚 土耳其
0%
萨姆松 土耳其
0%
塞尔丘克 土耳其
0%
尚勒乌尔法 土耳其
0%
塔尔苏斯 土耳其
0%
泰基尔达 土耳其
0%
通杰利 土耳其
0%
托卡特 土耳其
0%
乌沙克 土耳其
0%
锡尔特 土耳其
0%
锡诺普 土耳其
0%
锡瓦斯 土耳其
0%
亚洛瓦 土耳其
0%
伊斯坦布尔 土耳其
0%
伊兹米特 土耳其
0%
伊兹密尔 土耳其
0%
伊兹尼克 土耳其
0%
约兹加特 土耳其
0%
宗古尔达克 土耳其
0%
阿什哈巴德 土库曼斯坦
0%
巴尔坎纳巴德 土库曼斯坦
0%
达什奥古兹 土库曼斯坦
0%
马雷 土库曼斯坦
0%
土库曼巴希 土库曼斯坦
0%
土库曼纳巴德 土库曼斯坦
0%
卢甘维尔 瓦努阿图
0%
维拉港 瓦努阿图
0%
弗洛里斯 危地马拉
0%
旧危地马拉 危地马拉
0%
科万 危地马拉
0%
克察尔特南戈 危地马拉
0%
危地马拉城 危地马拉
0%
阿普雷河畔圣费尔南多 委内瑞拉
0%
巴基西梅托 委内瑞拉
0%
巴里纳斯 委内瑞拉
0%
波拉马尔 委内瑞拉
0%
圭亚那城 委内瑞拉
0%
加拉加斯 委内瑞拉
0%
科罗 委内瑞拉
0%
库马纳 委内瑞拉
0%
马拉凯 委内瑞拉
0%
马图林 委内瑞拉
0%
圣费利佩 委内瑞拉
0%
圣胡安-德洛斯莫罗斯 委内瑞拉
0%
圣克里斯托瓦尔 委内瑞拉
0%
巴塞罗那 委内瑞拉/西班牙
0%
瓦伦西亚 委内瑞拉/西班牙
0%
斯里巴加湾市 文莱
0%
恩德培 乌干达
0%
古卢 乌干达
0%
金贾 乌干达
0%
坎帕拉 乌干达
0%
姆巴拉拉 乌干达
0%
白采尔克瓦 乌克兰
0%
波尔塔瓦 乌克兰
0%
顿涅茨克 乌克兰
0%
费奥多西亚 乌克兰
0%
赫尔松 乌克兰
0%
赫梅利尼茨基 乌克兰
0%
基辅 乌克兰
0%
克里维里赫 乌克兰
0%
里夫内 乌克兰
0%
利沃夫 乌克兰
0%
卢茨克 乌克兰
0%
卢汉斯克 乌克兰
0%
马里乌波尔 乌克兰
0%
梅利托波尔 乌克兰
0%
穆卡切沃 乌克兰
0%
尼古拉耶夫 乌克兰
0%
切尔尼夫齐 乌克兰
0%
切尔尼希夫 乌克兰
0%
日托米尔 乌克兰
0%
塞瓦斯托波尔 乌克兰
0%
苏梅 乌克兰
0%
泰尔诺皮尔 乌克兰
0%
文尼察 乌克兰
0%
乌曼 乌克兰
0%
乌日霍罗德 乌克兰
0%
雅尔塔 乌克兰
0%
叶夫帕托里亚 乌克兰
0%
伊万诺-弗兰科夫斯克 乌克兰
0%
伊兹梅尔 乌克兰
0%
扎波罗热 乌克兰
0%
埃斯特角城 乌拉圭
0%
里韦拉 乌拉圭
0%
马尔多纳多 乌拉圭
0%
蒙得维的亚 乌拉圭
0%
派桑杜 乌拉圭
0%
萨尔托 乌拉圭
0%
安格连 乌兹别克斯坦
0%
安集延 乌兹别克斯坦
0%
布哈拉 乌兹别克斯坦
0%
费尔干纳 乌兹别克斯坦
0%
浩罕 乌兹别克斯坦
0%
吉扎克 乌兹别克斯坦
0%
卡尔希 乌兹别克斯坦
0%
纳曼干 乌兹别克斯坦
0%
纳沃伊 乌兹别克斯坦
0%
努库斯 乌兹别克斯坦
0%
撒马尔罕 乌兹别克斯坦
0%
塔什干 乌兹别克斯坦
0%
铁尔米兹 乌兹别克斯坦
0%
乌尔根奇 乌兹别克斯坦
0%
希瓦 乌兹别克斯坦
0%
阿尔赫西拉斯 西班牙
0%
阿尔梅里亚 西班牙
0%
阿尔瓦塞特 西班牙
0%
阿维拉 西班牙
0%
埃尔切 西班牙
0%
埃瓦尔 西班牙
0%
奥伦塞 西班牙
0%
奥维耶多 西班牙
0%
巴达霍斯 西班牙
0%
巴达洛纳 西班牙
0%
贝尼多姆 西班牙
0%
比利亚雷亚尔 西班牙
0%
毕尔巴鄂 西班牙
0%
滨海略雷特 西班牙
0%
布尔戈斯 西班牙
0%
格尔尼卡 西班牙
0%
哈恩 西班牙
0%
赫雷斯-德拉弗龙特拉 西班牙
0%
赫罗纳 西班牙
0%
赫塔菲 西班牙
0%
加的斯 西班牙
0%
卡塞雷斯 西班牙
0%
卡斯特利翁-德拉普拉纳 西班牙
0%
拉科鲁尼亚 西班牙
0%
拉斯帕尔马斯 西班牙
0%
雷乌斯 西班牙
0%
列伊达 西班牙
0%
龙达 西班牙
0%
卢戈 西班牙
0%
洛格罗尼奥 西班牙
0%
略夫雷加河畔奥斯皮塔莱特 西班牙
0%
马德里 西班牙
0%
马尔韦亚 西班牙
0%
马拉加 西班牙
0%
马略卡岛帕尔马 西班牙
0%
梅利利亚 西班牙
0%
帕伦西亚 西班牙
0%
潘普洛纳 西班牙
0%
蓬特韦德拉 西班牙
0%
萨拉戈萨 西班牙
0%
萨拉曼卡 西班牙
0%
萨莫拉 西班牙
0%
萨瓦德尔 西班牙
0%
塞哥维亚 西班牙
0%
塞维尔 西班牙
0%
桑坦德 西班牙
0%
圣克鲁斯-德特内里费 西班牙
0%
索里亚 西班牙
0%
塔拉戈纳 西班牙
0%
特拉萨 西班牙
0%
特鲁埃尔 西班牙
0%
托雷维耶哈 西班牙
0%
韦尔瓦 西班牙
0%
韦斯卡 西班牙
0%
维多利亚-加斯泰兹 西班牙
0%
维哥 西班牙
0%
希洪 西班牙
0%
休达 西班牙
0%
伊维萨 西班牙
0%
格拉纳达 西班牙/尼加拉瓜
0%
雷阿尔城 西班牙/葡萄牙
0%
阿尤恩 西撒哈拉/摩洛哥
0%
达赫拉 西撒哈拉/摩洛哥
0%
阿戈斯 希腊
0%
德尔斐 希腊
0%
干尼亚 希腊
0%
卡拉马塔 希腊
0%
卡瓦拉 希腊
0%
科孚岛 希腊
0%
科林斯 希腊
0%
科斯 希腊
0%
拉里萨 希腊
0%
罗得岛 希腊
0%
米蒂利尼 希腊
0%
米科诺斯 希腊
0%
纳夫普利奥 希腊
0%
帕特雷 希腊
0%
萨莫斯 希腊
0%
塞雷 希腊
0%
斯巴达 希腊
0%
沃洛斯 希腊
0%
希俄斯 希腊
0%
锡瓦(底比斯) 希腊
0%
雅典 希腊
0%
亚历山德鲁波利 希腊
0%
伊拉克利翁 希腊
0%
约阿尼纳 希腊
0%
扎金索斯 希腊
0%
北帕默斯顿 新西兰
0%
布莱尼姆 新西兰
0%
达尼丁 新西兰
0%
吉斯伯恩 新西兰
0%
克赖斯特彻奇 新西兰
0%
昆斯敦 新西兰
0%
罗托鲁阿 新西兰
0%
纳尔逊 新西兰
0%
内皮尔 新西兰
0%
陶波 新西兰
0%
陶朗阿 新西兰
0%
旺阿雷 新西兰
0%
下哈特 新西兰
0%
新普利茅斯 新西兰
0%
因弗卡吉尔 新西兰
0%
埃格尔 匈牙利
0%
埃斯泰尔戈姆 匈牙利
0%
布达佩斯 匈牙利
0%
德布勒森 匈牙利
0%
杰尔 匈牙利
0%
凯奇凯梅特 匈牙利
0%
米什科尔茨 匈牙利
0%
尼赖吉哈佐 匈牙利
0%
塞格德 匈牙利
0%
松博特海伊 匈牙利
0%
索尔诺克 匈牙利
0%
维斯普雷姆 匈牙利
0%
肖普朗 匈牙利
0%
皇家港 牙买加
0%
蒙特哥贝 牙买加
0%
西班牙镇 牙买加
0%
久姆里 亚美尼亚
0%
瓦加尔沙帕特 亚美尼亚
0%
瓦纳佐尔 亚美尼亚
0%
荷台达 也门
0%
马里卜 也门
0%
穆卜拉 也门
0%
萨达 也门
0%
萨那 也门
0%
塔伊兹 也门
0%
泰里姆 也门
0%
亚丁 也门
0%
伊卜 也门
0%
阿玛拉 伊拉克
0%
埃尔比勒 伊拉克
0%
巴士拉 伊拉克
0%
代胡克 伊拉克
0%
费卢杰 伊拉克
0%
基尔库克 伊拉克
0%
卡尔巴拉 伊拉克
0%
库法 伊拉克
0%
库特 伊拉克
0%
拉马迪 伊拉克
0%
摩苏尔 伊拉克
0%
纳杰夫 伊拉克
0%
纳西里耶 伊拉克
0%
萨迈拉 伊拉克
0%
苏莱曼尼亚 伊拉克
0%
提克里特 伊拉克
0%
希拉 伊拉克
0%
阿巴丹 伊朗
0%
阿巴斯港 伊朗
0%
阿尔达比勒 伊朗
0%
阿拉克 伊朗
0%
阿瓦士 伊朗
0%
奥鲁米耶 伊朗
0%
布什尔 伊朗
0%
大不里士 伊朗
0%
德黑兰 伊朗
0%
戈尔甘 伊朗
0%
哈马丹 伊朗
0%
霍尔木兹 伊朗
0%
霍拉马巴德 伊朗
0%
加兹温 伊朗
0%
卡拉季 伊朗
0%
卡尚 伊朗
0%
克尔曼 伊朗
0%
克尔曼沙阿 伊朗
0%
库姆 伊朗
0%
拉什特 伊朗
0%
马什哈德 伊朗
0%
内沙布尔 伊朗
0%
萨南达季 伊朗
0%
设拉子 伊朗
0%
舒什 伊朗
0%
亚兹德 伊朗
0%
伊斯法罕 伊朗
0%
赞詹 伊朗
0%
扎黑丹 伊朗
0%
阿科 以色列
0%
阿什杜德 以色列
0%
阿什凯隆 以色列
0%
埃拉特 以色列
0%
贝尔谢巴 以色列
0%
采法特 以色列
0%
海法 以色列
0%
拉马特甘 以色列
0%
拉姆拉 以色列
0%
里雄莱锡安 以色列
0%
卢德 以色列
0%
拿撒勒 以色列
0%
内坦亚 以色列
0%
佩塔提克瓦 以色列
0%
太巴列 以色列
0%
特拉维夫 以色列
0%
耶路撒冷 以色列/巴勒斯坦
0%
阿尔盖罗 意大利
0%
阿格里真托 意大利
0%
阿雷佐 意大利
0%
阿马尔菲 意大利
0%
阿斯蒂 意大利
0%
阿斯科利皮切诺 意大利
0%
阿西西 意大利
0%
安科纳 意大利
0%
奥尔比亚 意大利
0%
奥斯塔 意大利
0%
巴勒莫 意大利
0%
贝加莫 意大利
0%
贝内文托 意大利
0%
波坦察 意大利
0%
伯杜瓦 意大利
0%
博尔扎诺 意大利
0%
博洛尼亚 意大利
0%
布雷西亚 意大利
0%
布林迪西 意大利
0%
的里雅斯特 意大利
0%
都灵 意大利
0%
恩波利 意大利
0%
费拉拉 意大利
0%
弗利 意大利
0%
弗洛伦斯 意大利
0%
福贾 意大利
0%
戈里齐亚 意大利
0%
加利波利 意大利
0%
卡利亚里 意大利
0%
卡普里 意大利
0%
卡塞塔 意大利
0%
卡坦扎罗 意大利
0%
坎波巴索 意大利
0%
科莱奥内 意大利
0%
科莫 意大利
0%
拉蒂纳 意大利
0%
拉古萨 意大利
0%
拉斯佩齐亚 意大利
0%
拉韦纳 意大利
0%
莱科 意大利
0%
莱切 意大利
0%
雷焦卡拉布里亚 意大利
0%
里米尼 意大利
0%
里窝那 意大利
0%
卢卡 意大利
0%
罗马 意大利
0%
马泰拉 意大利
0%
曼图阿 意大利
0%
梅拉诺 意大利
0%
蒙扎 意大利
0%
摩德纳 意大利
0%
墨西拿 意大利
0%
那不勒斯 意大利
0%
诺瓦拉 意大利
0%
帕马 意大利
0%
帕维亚 意大利
0%
庞贝 意大利
0%
佩鲁贾 意大利
0%
佩萨罗 意大利
0%
佩斯卡拉 意大利
0%
比萨 意大利
0%
皮亚琴察 意大利
0%
普拉托 意大利
0%
切塞纳 意大利
0%
热那亚 意大利
0%
萨莱诺 意大利
0%
萨萨里 意大利
0%
萨索洛 意大利
0%
萨沃纳 意大利
0%
圣雷莫 意大利
0%
索伦托 意大利
0%
塔兰托 意大利
0%
陶尔米纳 意大利
0%
特尔尼 意大利
0%
特拉帕尼 意大利
0%
特雷维索 意大利
0%
特伦托 意大利
0%
瓦雷泽 意大利
0%
威尼斯 意大利
0%
维罗纳 意大利
0%
维琴察 意大利
0%
维泰博 意大利
0%
乌迪内 意大利
0%
乌尔比诺 意大利
0%
锡拉库萨 意大利
0%
锡耶纳 意大利
0%
伊莫拉 意大利
0%
阿格拉 印度
0%
阿加雷亚拉 印度
0%
阿杰梅尔 印度
0%
阿里格尔 印度
0%
阿默拉沃蒂 印度
0%
阿姆拉沃蒂 印度
0%
阿姆利则 印度
0%
阿散索尔 印度
0%
阿约提亚 印度
0%
艾哈迈达巴德 印度
0%
艾藻尔 印度
0%
巴雷利 印度
0%
班加罗尔 印度
0%
本地治里 印度
0%
比卡内尔 印度
0%
比莱 印度
0%
博帕尔 印度
0%
布巴内斯瓦尔 印度
0%
布莱尔港 印度
0%
查谟 印度
0%
大吉岭 印度
0%
丹巴德 印度
0%
德拉敦 印度
0%
蒂鲁吉拉伯利 印度
0%
蒂鲁帕蒂 印度
0%
法里达巴德 印度
0%
甘托克 印度
0%
戈尔哈布尔 印度
0%
哥印拜陀 印度
0%
格利扬 印度
0%
贡土尔 印度
0%
古尔冈 印度
0%
瓜廖尔 印度
0%
豪拉 印度
0%
胡布利 印度
0%
加济阿巴德 印度
0%
加亚 印度
0%
贾朗达尔 印度
0%
贾姆谢德布尔 印度
0%
江布尔 印度
0%
焦特布尔 印度
0%
杰伊瑟尔梅尔 印度
0%
金奈 印度
0%
坎普尔 印度
0%
科钦 印度
0%
科塔 印度
0%
科希马 印度
0%
科泽科德 印度
0%
克塔克 印度
0%
奎隆 印度
0%
拉杰果德 印度
0%
赖布尔 印度
0%
兰契 印度
0%
勒克瑙 印度
0%
列城 印度
0%
卢迪亚纳 印度
0%
马杜赖 印度
0%
马图拉 印度
0%
迈索尔 印度
0%
门格洛尔 印度
0%
孟买 印度
0%
密拉特 印度
0%
莫拉达巴德 印度
0%
默吉利伯德讷姆 印度
0%
那格浦尔 印度
0%
纳西克 印度
0%
内洛尔 印度
0%
诺伊达 印度
0%
帕纳吉 印度
0%
帕特纳 印度
0%
普拉亚格拉吉 印度
0%
普里 印度
0%
斯利那加 印度
0%
苏拉特 印度
0%
索拉布尔 印度
0%
塔那 印度
0%
特里凡得琅 印度
0%
瓦多达拉 印度
0%
瓦拉纳西 印度
0%
瓦朗加尔 印度
0%
瓦斯科达伽马 印度
0%
韦洛尔 印度
0%
维杰亚瓦达 印度
0%
维沙卡帕特南 印度
0%
乌代布尔 印度
0%
乌贾因 印度
0%
西里古里 印度
0%
西隆 印度
0%
西姆拉 印度
0%
新德里 印度
0%
新孟买 印度
0%
因帕尔 印度
0%
印多尔 印度
0%
斋浦尔 印度
0%
占西 印度
0%
海得拉巴 印度/巴基斯坦
0%
昂邦 印度尼西亚
0%
巴淡 印度尼西亚
0%
巴东 印度尼西亚
0%
班达亚齐 印度尼西亚
0%
北干巴鲁 印度尼西亚
0%
查亚普拉 印度尼西亚
0%
打横(塔西马拉亚) 印度尼西亚
0%
打拉根 印度尼西亚
0%
丹戎槟榔 印度尼西亚
0%
德波 印度尼西亚
0%
登巴萨(巴塘) 印度尼西亚
0%
哥伦打洛 印度尼西亚
0%
古邦 印度尼西亚
0%
井里汶 印度尼西亚
0%
科莫多龙 印度尼西亚
0%
坤甸(庞提纳克) 印度尼西亚
0%
马辰(班贾尔马辛) 印度尼西亚
0%
马塔兰(马打蓝) 印度尼西亚
0%
玛琅 印度尼西亚
0%
茂物 印度尼西亚
0%
棉兰 印度尼西亚
0%
明古鲁 印度尼西亚
0%
南坦格朗 印度尼西亚
0%
楠榜港 印度尼西亚
0%
努桑塔拉 印度尼西亚
0%
帕朗卡拉亚 印度尼西亚
0%
帕卢 印度尼西亚
0%
三宝垄 印度尼西亚
0%
三马林达 印度尼西亚
0%
山口洋(辛卡旺) 印度尼西亚
0%
泗水(苏腊巴亚) 印度尼西亚
0%
苏加武眉 印度尼西亚
0%
苏拉卡尔塔(梭罗) 印度尼西亚
0%
索龙 印度尼西亚
0%
唐格朗(文登) 印度尼西亚
0%
特尔纳特(德那地) 印度尼西亚
0%
外南梦(巴纽旺宜) 印度尼西亚
0%
万隆 印度尼西亚
0%
万鸦老 印度尼西亚
0%
望加锡 印度尼西亚
0%
武吉丁宜 印度尼西亚
0%
勿加泗 印度尼西亚
0%
雅加达 印度尼西亚
0%
阿伯丁 英国
0%
阿伯里斯特威斯 英国
0%
阿克罗蒂里 英国
0%
埃克塞特 英国
0%
埃文河畔斯特拉特福 英国
0%
爱丁堡 英国
0%
奥尔德姆 英国
0%
巴恩斯利 英国
0%
巴罗因弗内斯 英国
0%
巴斯 英国
0%
北安普敦 英国
0%
贝德福德 英国
0%
贝尔法斯特 英国
0%
滨海绍森德 英国
0%
伯恩利 英国
0%
伯恩茅斯 英国
0%
伯肯黑德 英国
0%
博尔顿 英国
0%
布拉德福德 英国
0%
布莱克本 英国
0%
布莱兹 英国
0%
布赖顿 英国
0%
德比 英国
0%
邓迪 英国
0%
邓弗里斯 英国
0%
多佛尔 英国
0%
格拉斯哥 英国
0%
格里姆斯比 英国
0%
格洛斯特 英国
0%
国王爱德华角 英国
0%
哈德斯菲尔德 英国
0%
赫尔河畔金斯顿 英国
0%
赫里福德 英国
0%
吉尔福德 英国
0%
加的夫 英国
0%
金斯林 英国
0%
卡莱尔 英国
0%
考文垂 英国
0%
柯克沃尔 英国
0%
科克本镇 英国
0%
克劳利 英国
0%
莱斯特 英国
0%
雷克瑟姆 英国
0%
利物浦 英国
0%
利兹 英国
0%
林肯 英国
0%
卢顿 英国
0%
罗德城 英国
0%
米德尔斯伯勒 英国
0%
米尔顿凯恩斯 英国
0%
南安普敦 英国
0%
诺丁汉 英国
0%
诺里奇 英国
0%
彭赞斯 英国
0%
朴次茅斯 英国
0%
普尔 英国
0%
普雷斯顿 英国
0%
普利茅斯 英国
0%
七海之爱丁堡 英国
0%
切尔滕纳姆 英国
0%
切姆斯福德 英国
0%
切斯特 英国
0%
森德兰 英国
0%
绍斯波特 英国
0%
什鲁斯伯里 英国
0%
圣安德鲁斯 英国
0%
圣奥尔本斯 英国
0%
圣彼得港 英国
0%
圣赫利尔 英国
0%
斯卡伯勒 英国
0%
斯劳 英国
0%
斯托克波特 英国
0%
斯旺西 英国
0%
索尔福德 英国
0%
索尔兹伯里 英国
0%
唐克斯特 英国
0%
特鲁罗 英国
0%
特伦特河畔斯托克 英国
0%
托基 英国
0%
威根 英国
0%
威廉堡 英国
0%
沃威克 英国
0%
西布罗米奇 英国
0%
亚当斯敦 英国
0%
伊普斯威奇 英国
0%
伊斯特本 英国
0%
因弗内斯 英国
0%
约克 英国
0%
詹姆斯敦 英国
0%
斯坦利 英国/阿根廷
0%
彼得伯勒 英国/加拿大
0%
哈密尔顿 英国/加拿大/新西兰
0%
达勒姆 英国/美国
0%
黑斯廷斯 英国/新西兰
0%
安曼 约旦
0%
杰拉什 约旦
0%
卡拉克 约旦
0%
萨勒特 约旦
0%
瓦迪穆萨 约旦
0%
亚喀巴 约旦
0%
伊尔比德 约旦
0%
扎尔卡 约旦
0%
邦美蜀 越南
0%
边和 越南
0%
波来古 越南
0%
大叻 越南
0%
奠边府 越南
0%
归仁 越南
0%
海防 越南
0%
海阳 越南
0%
河内 越南
0%
胡志明市 越南
0%
会安 越南
0%
金瓯 越南
0%
荣市 越南
0%
头顿 越南
0%
下龙 越南
0%
恩多拉 赞比亚
0%
基特韦 赞比亚
0%
卡布韦 赞比亚
0%
卡萨马 赞比亚
0%
利文斯敦 赞比亚
0%
卢萨卡 赞比亚
0%
阿贝歇 乍得
0%
恩贾梅纳 乍得
0%
法亚-拉若 乍得
0%
蒙杜 乍得
0%
萨尔 乍得
0%
阿里卡 智利
0%
安加罗阿 智利
0%
安托法加斯塔 智利
0%
奥索尔诺 智利
0%
比尼亚德尔马 智利
0%
卡拉马 智利
0%
科金博 智利
0%
科皮亚波 智利
0%
科伊艾克 智利
0%
拉塞雷纳 智利
0%
兰卡瓜 智利
0%
洛斯安赫莱斯 智利
0%
蒙特港 智利
0%
蓬塔阿雷纳斯 智利
0%
奇廉 智利
0%
上蓬特 智利
0%
圣地亚哥 智利
0%
塔尔卡 智利
0%
特木科 智利
0%
瓦尔迪维亚 智利
0%
瓦尔帕莱索 智利
0%
伊基克 智利
0%
班吉 中非共和国
0%
阿克苏 中国
0%
阿勒泰 中国
0%
安庆 中国
0%
鞍山 中国
0%
澳门 中国
0%
包头 中国
0%
保定 中国
0%
本溪 中国
0%
昌都 中国
0%
常德 中国
0%
常熟 中国
0%
常州 中国
0%
潮州 中国
0%
成都 中国
0%
承德 中国
0%
赤峰 中国
0%
大理 中国
0%
大连 中国
0%
德州 中国
0%
东莞 中国
0%
敦煌 中国
0%
鄂尔多斯 中国
0%
佛山 中国
0%
福州 中国
0%
抚顺 中国
0%
高雄 中国
0%
桂林 中国
0%
哈密 中国
0%
海口 中国
0%
汉中 中国
0%
和田 中国
0%
菏泽 中国
0%
衡阳 中国
0%
呼和浩特 中国
0%
呼伦贝尔 中国
0%
湖州 中国
0%
花莲 中国
0%
淮安 中国
0%
淮南 中国
0%
黄山 中国
0%
惠州 中国
0%
鸡西 中国
0%
基隆 中国
0%
济宁 中国
0%
嘉兴 中国
0%
嘉义 中国
0%
嘉峪关 中国
0%
江门 中国
0%
江阴 中国
0%
揭阳 中国
0%
金华 中国
0%
锦州 中国
0%
晋江 中国
0%
荆州 中国
0%
景德镇 中国
0%
景洪 中国
0%
九江 中国
0%
酒泉 中国
0%
喀什 中国
0%
开封 中国
0%
康定 中国
0%
克拉玛依 中国
0%
昆山 中国
0%
兰州 中国
0%
廊坊 中国
0%
丽江 中国
0%
连云港 中国
0%
辽阳 中国
0%
林芝 中国
0%
临沂 中国
0%
柳州 中国
0%
旅顺 中国
0%
茂名 中国
0%
梅州 中国
0%
牡丹江 中国
0%
南昌 中国
0%
南充 中国
0%
南京 中国
0%
南投 中国
0%
南阳 中国
0%
宁德 中国
0%
屏东 中国
0%
齐齐哈尔 中国
0%
青岛 中国
0%
清远 中国
0%
衢州 中国
0%
曲阜 中国
0%
泉州 中国
0%
日照 中国
0%
三亚 中国
0%
厦门 中国
0%
汕头 中国
0%
汕尾 中国
0%
商丘 中国
0%
上海 中国
0%
韶关 中国
0%
韶山 中国
0%
绍兴 中国
0%
深圳 中国
0%
沈阳 中国
0%
十堰 中国
0%
石家庄 中国
0%
塔什库尔干 中国
0%
台北 中国
0%
台南 中国
0%
台山 中国
0%
太原 中国
0%
泰安 中国
0%
天津 中国
0%
天水 中国
0%
通化 中国
0%
吐鲁番 中国
0%
潍坊 中国
0%
无锡 中国
0%
芜湖 中国
0%
武汉 中国
0%
武威 中国
0%
西昌 中国
0%
西宁 中国
0%
咸阳 中国
0%
香港 中国
0%
香格里拉 中国
0%
湘潭 中国
0%
襄阳 中国
0%
新北 中国
0%
新乡 中国
0%
新竹 中国
0%
徐州 中国
0%
许昌 中国
0%
烟台 中国
0%
延安 中国
0%
延吉 中国
0%
盐城 中国
0%
扬州 中国
0%
阳江 中国
0%
伊宁 中国
0%
宜兰 中国
0%
义乌 中国
0%
营口 中国
0%
榆林 中国
0%
岳阳 中国
0%
湛江 中国
0%
张家口 中国
0%
张掖 中国
0%
彰化 中国
0%
漳州 中国
0%
长春 中国
0%
肇庆 中国
0%
镇安 中国
0%
中山 中国
0%
重庆 中国
0%
舟山 中国
0%
株洲 中国
0%
淄博 中国
0%
遵义 中国
0%
广州 中国/韩国
0%
丽水 中国/韩国
0%
No matching quizzes found
Score Distribution
Percent of People with Each Score
Percentile by Number Answered
Your Score History
You have not taken this quiz